Wszystkie gminy w Polsce - Statystyki

Ogólne statystyki
  • Ten quiz został rozwiązany 820 razy
    18 od ostatniego zresetowania
  • Średni wynik to 297 z 2479
Statystyki odpowiedzi
Województwo Powiat Liczba ludności Gmina % Poprawnych
małopolskie dąbrowski 2598 gmina Bolesław
67%
małopolskie olkuski 7765 gmina Bolesław
67%
dolnośląskie Jelenia Góra 78778 Jelenia Góra
67%
lubelskie Chełm 61588 Chełm
60%
dolnośląskie głogowski 66627 Głogów
60%
lubelskie chełmski 15045 gmina Chełm
60%
dolnośląskie głogowski 6793 gmina Głogów
60%
lubelskie chełmski 4174 gmina Kamień
60%
podkarpackie rzeszowski 6860 gmina Kamień
60%
dolnośląskie jaworski 22615 Jawor
60%
dolnośląskie bolesławiecki 38717 Bolesławiec
53%
pomorskie Gdańsk 471525 Gdańsk
53%
pomorskie Gdynia 245867 Gdynia
53%
dolnośląskie bolesławiecki 14778 gmina Bolesławiec
53%
łódzkie wieruszowski 4088 gmina Bolesławiec
53%
dolnośląskie kłodzki 17079 gmina Kłodzko
53%
dolnośląskie lubański 6592 gmina Lubań
53%
dolnośląskie polkowicki 27715 gmina Polkowice
53%
podlaskie suwalski 7772 gmina Suwałki
53%
dolnośląskie świdnicki 17356 gmina Świdnica
53%
lubuskie zielonogórski 6627 gmina Świdnica
53%
śląskie Katowice 291774 Katowice
53%
dolnośląskie kłodzki 26574 Kłodzko
53%
dolnośląskie lubański 20879 Lubań
53%
lubelskie Lublin 339547 Lublin
53%
podlaskie Suwałki 69786 Suwałki
53%
dolnośląskie świdnicki 56564 Świdnica
53%
zachodniopomorskie Szczecin 400990 Szczecin
53%
kujawsko-pomorskie Toruń 201106 Toruń
53%
dolnośląskie Wrocław 643782 Wrocław
53%
podlaskie Białystok 297585 Białystok
47%
kujawsko-pomorskie Bydgoszcz 346739 Bydgoszcz
47%
śląskie cieszyński 34297 Cieszyn
47%
śląskie Częstochowa 219278 Częstochowa
47%
dolnośląskie dzierżoniowski 33075 Dzierżoniów
47%
lubelskie biłgorajski 3270 gmina Aleksandrów
47%
łódzkie piotrkowski 4300 gmina Aleksandrów
47%
kujawsko-pomorskie mogileński 4601 gmina Dąbrowa
47%
opolskie opolski 8267 gmina Dąbrowa
47%
dolnośląskie dzierżoniowski 9072 gmina Dzierżoniów
47%
dolnośląskie górowski 19795 gmina Góra
47%
podlaskie sokólski 4054 gmina Janów
47%
śląskie częstochowski 5966 gmina Janów
47%
pomorskie malborski 4841 gmina Malbork
47%
kujawsko-pomorskie świecki 10151 gmina Nowe
47%
dolnośląskie oławski 15207 gmina Oława
47%
dolnośląskie oleśnicki 13965 gmina Oleśnica
47%
świętokrzyskie staszowski 3873 gmina Oleśnica
47%
małopolskie olkuski 48451 gmina Olkusz
47%
śląskie częstochowski 7824 gmina Olsztyn
47%
podkarpackie ropczycko-sędziszowski 7358 gmina Ostrów
47%
dolnośląskie wołowski 22389 gmina Wołów
47%
dolnośląskie zgorzelecki 8521 gmina Zgorzelec
47%
lubuskie Gorzów Wielkopolski 123341 Gorzów Wielkopolski
47%
małopolskie Kraków 780981 Kraków
47%
dolnośląskie Legnica 99072 Legnica
47%
łódzkie Łódź 677286 Łódź
47%
pomorskie malborski 38278 Malbork
47%
dolnośląskie oławski 33172 Oława
47%
dolnośląskie oleśnicki 37109 Oleśnica
47%
warmińsko-mazurskie Olsztyn 171853 Olsztyn
47%
opolskie Opole 128012 Opole
47%
wielkopolskie pilski 72949 Piła
47%
mazowieckie Radom 210532 Radom
47%
pomorskie Sopot 35562 Sopot
47%
mazowieckie Warszawa 1793579 Warszawa
47%
dolnośląskie zgorzelecki 30047 Zgorzelec
47%
lubuskie Zielona Góra 141280 Zielona Góra
47%
podlaskie augustowski 30135 Augustów
40%
śląskie będziński 56191 Będzin
40%
śląskie Bytom 164447 Bytom
40%
podkarpackie dębicki 45385 Dębica
40%
warmińsko-mazurskie ełcki 62125 Ełk
40%
podlaskie augustowski 6737 gmina Augustów
40%
mazowieckie płocki 9065 gmina Bielsk
40%
małopolskie brzeski 36258 gmina Brzesko
40%
pomorskie bytowski 25388 gmina Bytów
40%
lubelskie janowski 2904 gmina Chrzanów
40%
małopolskie chrzanowski 46650 gmina Chrzanów
40%
podkarpackie dębicki 25890 gmina Dębica
40%
warmińsko-mazurskie ełcki 11890 gmina Ełk
40%
wielkopolskie gostyński 28274 gmina Gostyń
40%
kujawsko-pomorskie grudziądzki 13008 gmina Grudziądz
40%
lubelskie hrubieszowski 9931 gmina Hrubieszów
40%
warmińsko-mazurskie iławski 12997 gmina Iława
40%
kujawsko-pomorskie inowrocławski 11817 gmina Inowrocław
40%
podkarpackie jarosławski 13245 gmina Jarosław
40%
dolnośląskie kamiennogórski 9018 gmina Kamienna Góra
40%
wielkopolskie kolski 7808 gmina Koło
40%
łódzkie kutnowski 8716 gmina Kutno
40%
pomorskie kwidzyński 11424 gmina Kwidzyn
40%
mazowieckie warszawski zachodni 10209 gmina Leszno
40%
kujawsko-pomorskie lipnowski 11850 gmina Lipno
40%
wielkopolskie leszczyński 8514 gmina Lipno
40%
podlaskie augustowski 5012 gmina Lipsk
40%
podlaskie łomżyński 11207 gmina Łomża
40%
łódzkie łowicki 7705 gmina Łowicz
40%
podkarpackie lubaczowski 9194 gmina Lubaczów
40%
dolnośląskie lubiński 16328 gmina Lubin
40%
lubelskie łukowski 18301 gmina Łuków
40%
podkarpackie mielecki 13435 gmina Mielec
40%
dolnośląskie milicki 24147 gmina Milicz
40%
małopolskie nowotarski 24091 gmina Nowy Targ
40%
opolskie nyski 56858 gmina Nysa
40%
małopolskie oświęcimski 18572 gmina Oświęcim
40%
łódzkie pabianicki 7704 gmina Pabianice
40%
lubelskie parczewski 14399 gmina Parczew
40%
kujawsko-pomorskie radziejowski 4371 gmina Radziejów
40%
lubelskie rycki 20331 gmina Ryki
40%
podkarpackie sanocki 18087 gmina Sanok
40%
mazowieckie siedlecki 18501 gmina Siedlce
40%
łódzkie sieradzki 10763 gmina Sieradz
40%
łódzkie kutnowski 3918 gmina Strzelce
40%
dolnośląskie strzeliński 22121 gmina Strzelin
40%
lubuskie świebodziński 29916 gmina Świebodzin
40%
kujawsko-pomorskie świecki 33947 gmina Świecie
40%
pomorskie sztumski 18243 gmina Sztum
40%
dolnośląskie trzebnicki 24483 gmina Trzebnica
40%
wielkopolskie turecki 10055 gmina Turek
40%
małopolskie wadowicki 37821 gmina Wadowice
40%
łódzkie wieluński 31313 gmina Wieluń
40%
kujawsko-pomorskie włocławski 7349 gmina Włocławek
40%
lubelskie zamojski 23225 gmina Zamość
40%
kujawsko-pomorskie Grudziądz 94076 Grudziądz
40%
pomorskie pucki 3240 Hel
40%
lubelskie hrubieszowski 17401 Hrubieszów
40%
warmińsko-mazurskie iławski 33315 Iława
40%
kujawsko-pomorskie inowrocławski 72226 Inowrocław
40%
podkarpackie jarosławski 37375 Jarosław
40%
dolnośląskie kamiennogórski 18728 Kamienna Góra
40%
świętokrzyskie Kielce 194218 Kielce
40%
wielkopolskie kolski 21526 Koło
40%
wielkopolskie Konin 73176 Konin
40%
zachodniopomorskie Koszalin 106880 Koszalin
40%
łódzkie kutnowski 43658 Kutno
40%
pomorskie kwidzyński 38338 Kwidzyn
40%
wielkopolskie Leszno 63323 Leszno
40%
kujawsko-pomorskie lipnowski 14307 Lipno
40%
podlaskie Łomża 62795 Łomża
40%
łódzkie łowicki 28059 Łowicz
40%
podkarpackie lubaczowski 11880 Lubaczów
40%
dolnośląskie lubiński 72142 Lubin
40%
lubelskie łukowski 29621 Łuków
40%
podkarpackie mielecki 60229 Mielec
40%
mazowieckie mławski 31227 Mława
40%
małopolskie Nowy Sącz 83762 Nowy Sącz
40%
małopolskie nowotarski 33324 Nowy Targ
40%
małopolskie oświęcimski 37826 Oświęcim
40%
łódzkie pabianicki 64445 Pabianice
40%
mazowieckie Płock 118989 Płock
40%
wielkopolskie Poznań 533830 Poznań
40%
kujawsko-pomorskie radziejowski 5519 Radziejów
40%
podkarpackie Rzeszów 196821 Rzeszów
40%
podkarpackie sanocki 37210 Sanok
40%
mazowieckie Siedlce 78258 Siedlce
40%
łódzkie sieradzki 41724 Sieradz
40%
pomorskie Słupsk 90320 Słupsk
40%
lubelskie świdnicki 39016 Świdnik
40%
wielkopolskie turecki 26704 Turek
40%
śląskie Tychy 127307 Tychy
40%
kujawsko-pomorskie wąbrzeski 13483 Wąbrzeźno
40%
dolnośląskie Wałbrzych 110603 Wałbrzych
40%
kujawsko-pomorskie Włocławek 109347 Włocławek
40%
małopolskie tatrzański 26942 Zakopane
40%
lubelskie Zamość 63223 Zamość
40%
kujawsko-pomorskie aleksandrowski 12077 Aleksandrów Kujawski
33%
łódzkie bełchatowski 56740 Bełchatów
33%
lubelskie Biała Podlaska 57194 Biała Podlaska
33%
śląskie bieruńsko-lędziński 19457 Bieruń
33%
lubelskie biłgorajski 26245 Biłgoraj
33%
małopolskie bocheński 29733 Bochnia
33%
kujawsko-pomorskie brodnicki 28917 Brodnica
33%
opolskie brzeski 35491 Brzeg
33%
kujawsko-pomorskie chełmiński 19388 Chełmno
33%
kujawsko-pomorskie toruński 14412 Chełmża
33%
pomorskie chojnicki 39724 Chojnice
33%
śląskie Dąbrowa Górnicza 118899 Dąbrowa Górnicza
33%
warmińsko-mazurskie Elbląg 119097 Elbląg
33%
kujawsko-pomorskie aleksandrowski 11977 gmina Aleksandrów Kujawski
33%
łódzkie bełchatowski 11690 gmina Bełchatów
33%
łódzkie wieluński 5421 gmina Biała
33%
opolskie prudnicki 10572 gmina Biała
33%
lubelskie bialski 14501 gmina Biała Podlaska
33%
lubelskie biłgorajski 13374 gmina Biłgoraj
33%
małopolskie bocheński 20091 gmina Bochnia
33%
kujawsko-pomorskie brodnicki 8586 gmina Brodnica
33%
wielkopolskie śremski 4890 gmina Brodnica
33%
kujawsko-pomorskie chełmiński 6127 gmina Chełmno
33%
kujawsko-pomorskie toruński 9821 gmina Chełmża
33%
pomorskie chojnicki 19440 gmina Chojnice
33%
warmińsko-mazurskie elbląski 7551 gmina Elbląg
33%
warmińsko-mazurskie braniewski 3542 gmina Frombork
33%
opolskie głubczycki 22178 gmina Głubczyce
33%
wielkopolskie gnieźnieński 12434 gmina Gniezno
33%
zachodniopomorskie goleniowski 36125 gmina Goleniów
33%
małopolskie gorlicki 17292 gmina Gorlice
33%
mazowieckie gostyniński 11990 gmina Gostynin
33%
podlaskie grajewski 5799 gmina Grajewo
33%
podlaskie siemiatycki 4140 gmina Grodzisk
33%
mazowieckie grójecki 25865 gmina Grójec
33%
podlaskie hajnowski 3829 gmina Hajnówka
33%
lubelskie janowski 15802 gmina Janów Lubelski
33%
świętokrzyskie jędrzejowski 27797 gmina Jędrzejów
33%
zachodniopomorskie kamieński 14313 gmina Kamień Pomorski
33%
dolnośląskie wrocławski 25614 gmina Kąty Wrocławskie
33%
śląskie kłobucki 20297 gmina Kłobuck
33%
podkarpackie kolbuszowski 24697 gmina Kolbuszowa
33%
podlaskie kolneński 8517 gmina Kolno
33%
warmińsko-mazurskie olsztyński 3121 gmina Kolno
33%
zachodniopomorskie kołobrzeski 10975 gmina Kołobrzeg
33%
mazowieckie kozienicki 29296 gmina Kozienice
33%
opolskie krapkowicki 22468 gmina Krapkowice
33%
lubelskie kraśnicki 7289 gmina Kraśnik
33%
podkarpackie łańcucki 21995 gmina Łańcut
33%
łódzkie łaski 27574 gmina Łask
33%
łódzkie łęczycki 8554 gmina Łęczyca
33%
podkarpackie leżajski 20256 gmina Leżajsk
33%
małopolskie limanowski 25710 gmina Limanowa
33%
mazowieckie łosicki 10751 gmina Łosice
33%
wielkopolskie nowotomyski 9063 gmina Lwówek
33%
dolnośląskie lwówecki 17219 gmina Lwówek Śląski
33%
łódzkie skierniewicki 5990 gmina Maków
33%
podlaskie moniecki 14826 gmina Mońki
33%
małopolskie myślenicki 44530 gmina Myślenice
33%
podlaskie sokólski 2583 gmina Nowy Dwór
33%
wielkopolskie obornicki 34183 gmina Oborniki
33%
świętokrzyskie pińczowski 20468 gmina Pińczów
33%
wielkopolskie pleszewski 29782 gmina Pleszew
33%
zachodniopomorskie policki 41245 gmina Police
33%
kujawsko-pomorskie świecki 9575 gmina Pruszcz
33%
podkarpackie przemyski 10662 gmina Przemyśl
33%
podkarpackie przeworski 14867 gmina Przeworsk
33%
pomorskie pucki 26899 gmina Puck
33%
wielkopolskie rawicki 30311 gmina Rawicz
33%
podkarpackie ropczycko-sędziszowski 27549 gmina Ropczyce
33%
podlaskie sejneński 3980 gmina Sejny
33%
łódzkie skierniewicki 7632 gmina Skierniewice
33%
łódzkie opoczyński 7624 gmina Sławno
33%
zachodniopomorskie sławieński 8838 gmina Sławno
33%
lubuskie słubicki 20077 gmina Słubice
33%
mazowieckie płocki 4418 gmina Słubice
33%
mazowieckie sochaczewski 11032 gmina Sochaczew
33%
wielkopolskie śremski 42196 gmina Śrem
33%
dolnośląskie średzki 19908 gmina Środa Śląska
33%
opolskie strzelecki 30439 gmina Strzelce Opolskie
33%
podkarpackie strzyżowski 20614 gmina Strzyżów
33%
zachodniopomorskie szczecinecki 9239 gmina Szczecinek
33%
świętokrzyskie staszowski 4645 gmina Szydłów
33%
mazowieckie szydłowiecki 18617 gmina Szydłowiec
33%
małopolskie tarnowski 26238 gmina Tarnów
33%
pomorskie tczewski 15191 gmina Tczew
33%
łódzkie tomaszowski 11228 gmina Tomaszów Mazowiecki
33%
pomorskie słupski 8329 gmina Ustka
33%
zachodniopomorskie wałecki 12661 gmina Wałcz
33%
pomorskie wejherowski 26910 gmina Wejherowo
33%
małopolskie wielicki 60905 gmina Wieliczka
33%
łódzkie wieruszowski 14247 gmina Wieruszów
33%
mazowieckie wołomiński 51854 gmina Wołomin
33%
dolnośląskie ząbkowicki 21584 gmina Ząbkowice Śląskie
33%
dolnośląskie złotoryjski 6995 gmina Złotoryja
33%
wielkopolskie gnieźnieński 67968 Gniezno
33%
małopolskie gorlicki 27231 Gorlice
33%
mazowieckie gostyniński 18441 Gostynin
33%
podlaskie grajewski 21812 Grajewo
33%
podlaskie hajnowski 20391 Hajnówka
33%
wielkopolskie Kalisz 99761 Kalisz
33%
podlaskie kolneński 10164 Kolno
33%
zachodniopomorskie kołobrzeski 46271 Kołobrzeg
33%
lubelskie kraśnicki 34148 Kraśnik
33%
podkarpackie Krosno 46139 Krosno
33%
podkarpackie łańcucki 17686 Łańcut
33%
pomorskie lęborski 3572 Łeba
33%
pomorskie lęborski 35203 Lębork
33%
łódzkie łęczycki 13889 Łęczyca
33%
mazowieckie legionowski 53809 Legionowo
33%
podkarpackie leżajski 13715 Leżajsk
33%
małopolskie limanowski 15142 Limanowa
33%
mazowieckie Ostrołęka 51893 Ostrołęka
33%
śląskie Piekary Śląskie 54860 Piekary Śląskie
33%
podkarpackie Przemyśl 60442 Przemyśl
33%
podkarpackie przeworski 15224 Przeworsk
33%
pomorskie pucki 11238 Puck
33%
śląskie raciborski 54529 Racibórz
33%
śląskie Rybnik 137782 Rybnik
33%
świętokrzyskie sandomierski 23238 Sandomierz
33%
podlaskie sejneński 5217 Sejny
33%
śląskie Siemianowice Śląskie 66587 Siemianowice Śląskie
33%
łódzkie Skierniewice 47932 Skierniewice
33%
zachodniopomorskie sławieński 12432 Sławno
33%
mazowieckie sochaczewski 36138 Sochaczew
33%
świętokrzyskie starachowicki 48082 Starachowice
33%
zachodniopomorskie szczecinecki 39885 Szczecinek
33%
dolnośląskie karkonoski 6587 Szklarska Poręba
33%
podkarpackie Tarnobrzeg 46588 Tarnobrzeg
33%
małopolskie Tarnów 108177 Tarnów
33%
pomorskie tczewski 59828 Tczew
33%
łódzkie tomaszowski 61645 Tomaszów Mazowiecki
33%
pomorskie słupski 15273 Ustka
33%
zachodniopomorskie wałecki 25115 Wałcz
33%
mazowieckie węgrowski 12526 Węgrów
33%
pomorskie wejherowski 49351 Wejherowo
33%
śląskie Zabrze 171691 Zabrze
33%
dolnośląskie złotoryjski 15395 Złotoryja
33%
warmińsko-mazurskie bartoszycki 23156 Bartoszyce
27%
zachodniopomorskie białogardzki 24049 Białogard
27%
podlaskie bielski 25158 Bielsk Podlaski
27%
łódzkie brzeziński 12474 Brzeziny
27%
śląskie Chorzów 107443 Chorzów
27%
mazowieckie ciechanowski 44044 Ciechanów
27%
mazowieckie garwoliński 17639 Garwolin
27%
warmińsko-mazurskie giżycki 29236 Giżycko
27%
śląskie Gliwice 178186 Gliwice
27%
lubelskie łukowski 5564 gmina Adamów
27%
lubelskie zamojski 4636 gmina Adamów
27%
warmińsko-mazurskie bartoszycki 10643 gmina Bartoszyce
27%
zachodniopomorskie białogardzki 7538 gmina Białogard
27%
podlaskie hajnowski 2160 gmina Białowieża
27%
podlaskie bielski 6573 gmina Bielsk Podlaski
27%
łódzkie brzeziński 5799 gmina Brzeziny
27%
wielkopolskie kaliski 5818 gmina Brzeziny
27%
podkarpackie brzozowski 26608 gmina Brzozów
27%
mazowieckie ciechanowski 7150 gmina Ciechanów
27%
kujawsko-pomorskie golubsko-dobrzyński 4010 gmina Ciechocin
27%
podkarpackie bieszczadzki 2374 gmina Czarna
27%
podkarpackie dębicki 13162 gmina Czarna
27%
podkarpackie łańcucki 11848 gmina Czarna
27%
małopolskie dąbrowski 21254 gmina Dąbrowa Tarnowska
27%
małopolskie brzeski 14734 gmina Dębno
27%
zachodniopomorskie myśliborski 20432 gmina Dębno
27%
małopolskie limanowski 10003 gmina Dobra
27%
wielkopolskie turecki 6108 gmina Dobra
27%
zachodniopomorskie łobeski 4347 gmina Dobra
27%
lubelskie biłgorajski 6085 gmina Frampol
27%
mazowieckie garwoliński 13288 gmina Garwolin
27%
warmińsko-mazurskie giżycki 8551 gmina Giżycko
27%
pomorskie tczewski 15391 gmina Gniew
27%
lubelskie biłgorajski 4077 gmina Goraj
27%
mazowieckie grodziski 49416 gmina Grodzisk Mazowiecki
27%
dolnośląskie bolesławiecki 5337 gmina Gromadka
27%
lubelskie bialski 5273 gmina Janów Podlaski
27%
podkarpackie niżański 5351 gmina Jarocin
27%
wielkopolskie jarociński 45724 gmina Jarocin
27%
lubuskie żarski 6975 gmina Jasień
27%
podkarpackie jasielski 16330 gmina Jasło
27%
pomorskie pucki 3684 gmina Jastarnia
27%
warmińsko-mazurskie kętrzyński 8201 gmina Kętrzyn
27%
opolskie kluczborski 35860 gmina Kluczbork
27%
wielkopolskie kościański 16199 gmina Kościan
27%
pomorskie kościerski 16131 gmina Kościerzyna
27%
lubelskie krasnostawski 8494 gmina Krasnystaw
27%
wielkopolskie słupecki 5753 gmina Lądek
27%
śląskie zawierciański 15873 gmina Łazy
27%
podkarpackie leski 11288 gmina Lesko
27%
lubelskie lubartowski 11838 gmina Lubartów
27%
kujawsko-pomorskie toruński 10196 gmina Łysomice
27%
lubuskie międzyrzecki 24734 gmina Międzyrzecz
27%
zachodniopomorskie koszaliński 4928 gmina Mielno
27%
mazowieckie miński 15563 gmina Mińsk Mazowiecki
27%
warmińsko-mazurskie mrągowski 8019 gmina Mrągowo
27%
opolskie namysłowski 26235 gmina Namysłów
27%
podkarpackie niżański 22279 gmina Nisko
27%
lubuskie nowosolski 6930 gmina Nowa Sól
27%
mazowieckie płoński 4633 gmina Nowe Miasto
27%
podlaskie łomżyński 4019 gmina Nowogród
27%
dolnośląskie trzebnicki 20346 gmina Oborniki Śląskie
27%
śląskie kłobucki 6805 gmina Opatów
27%
świętokrzyskie opatowski 11598 gmina Opatów
27%
kujawsko-pomorskie świecki 5511 gmina Osie
27%
wielkopolskie ostrowski 19149 gmina Ostrów Wielkopolski
27%
łódzkie pajęczański 11488 gmina Pajęczno
27%
mazowieckie piaseczyński 85730 gmina Piaseczno
27%
warmińsko-mazurskie piski 27616 gmina Pisz
27%
mazowieckie płoński 7942 gmina Płońsk
27%
opolskie opolski 9106 gmina Prószków
27%
małopolskie proszowicki 16115 gmina Proszowice
27%
opolskie prudnicki 27015 gmina Prudnik
27%
pomorskie gdański 31751 gmina Pruszcz Gdański
27%
mazowieckie przasnyski 7220 gmina Przasnysz
27%
mazowieckie przysuski 11754 gmina Przysucha
27%
lubelskie puławski 12158 gmina Puławy
27%
mazowieckie pułtuski 24685 gmina Pułtusk
27%
łódzkie radomszczański 5567 gmina Radomsko
27%
lubelskie radzyński 8078 gmina Radzyń Podlaski
27%
łódzkie rawski 8792 gmina Rawa Mazowiecka
27%
kujawsko-pomorskie rypiński 7495 gmina Rypin
27%
świętokrzyskie jędrzejowski 12389 gmina Sędziszów
27%
podlaskie siemiatycki 6068 gmina Siemiatycze
27%
mazowieckie sierpecki 7002 gmina Sierpc
27%
lubuskie wschowski 12674 gmina Sława
27%
mazowieckie sokołowski 6022 gmina Sokołów Podlaski
27%
kujawsko-pomorskie sępoleński 4955 gmina Sośno
27%
zachodniopomorskie stargardzki 13875 gmina Stargard
27%
kujawsko-pomorskie mogileński 11543 gmina Strzelno
27%
zachodniopomorskie świdwiński 5800 gmina Świdwin
27%
lubelskie tomaszowski 11316 gmina Tomaszów Lubelski
27%
kujawsko-pomorskie tucholski 20219 gmina Tuchola
27%
kujawsko-pomorskie chełmiński 6960 gmina Unisław
27%
lubelskie włodawski 4139 gmina Urszulin
27%
podkarpackie bieszczadzki 17143 gmina Ustrzyki Dolne
27%
warmińsko-mazurskie węgorzewski 16563 gmina Węgorzewo
27%
kujawsko-pomorskie toruński 5270 gmina Wielka Nieszawka
27%
lubelskie włodawski 6080 gmina Włodawa
27%
świętokrzyskie jędrzejowski 6935 gmina Wodzisław
27%
lubuskie wschowski 21094 gmina Wschowa
27%
lubelskie lubelski 4360 gmina Wysokie
27%
podlaskie wysokomazowiecki 5470 gmina Wysokie Mazowieckie
27%
lubuskie żagański 7302 gmina Żagań
27%
podlaskie zambrowski 8821 gmina Zambrów
27%
lubuskie żarski 12339 gmina Żary
27%
łódzkie zduńskowolski 12221 gmina Zduńska Wola
27%
łódzkie zgierski 14616 gmina Zgierz
27%
wielkopolskie złotowski 9949 gmina Złotów
27%
kujawsko-pomorskie żniński 24001 gmina Żnin
27%
mazowieckie żuromiński 14252 gmina Żuromin
27%
mazowieckie zwoleński 15046 gmina Zwoleń
27%
podkarpackie jasielski 34721 Jasło
27%
śląskie Jaworzno 90759 Jaworzno
27%
dolnośląskie karkonoski 4541 Karpacz
27%
warmińsko-mazurskie kętrzyński 26988 Kętrzyn
27%
wielkopolskie kościański 23830 Kościan
27%
pomorskie kościerski 23757 Kościerzyna
27%
lubelskie krasnostawski 18523 Krasnystaw
27%
lubelskie lubartowski 21755 Lubartów
27%
śląskie mikołowski 41078 Mikołów
27%
mazowieckie miński 40995 Mińsk Mazowiecki
27%
warmińsko-mazurskie mrągowski 21448 Mrągowo
27%
śląskie myszkowski 31454 Myszków
27%
lubuskie nowosolski 38566 Nowa Sól
27%
wielkopolskie ostrowski 71829 Ostrów Wielkopolski
27%
mazowieckie otwocki 44560 Otwock
27%
łódzkie Piotrków Trybunalski 72785 Piotrków Trybunalski
27%
mazowieckie płoński 22053 Płońsk
27%
pomorskie gdański 31471 Pruszcz Gdański
27%
mazowieckie pruszkowski 62489 Pruszków
27%
mazowieckie przasnyski 17160 Przasnysz
27%
lubelskie puławski 47226 Puławy
27%
łódzkie radomszczański 45686 Radomsko
27%
lubelskie radzyński 15589 Radzyń Podlaski
27%
łódzkie rawski 17291 Rawa Mazowiecka
27%
śląskie Ruda Śląska 137030 Ruda Śląska
27%
pomorskie wejherowski 49363 Rumia
27%
kujawsko-pomorskie rypiński 16073 Rypin
27%
podlaskie siemiatycki 14294 Siemiatycze
27%
mazowieckie sierpecki 17870 Sierpc
27%
mazowieckie sokołowski 18912 Sokołów Podlaski
27%
śląskie Sosnowiec 198996 Sosnowiec
27%
podkarpackie stalowowolski 60179 Stalowa Wola
27%
zachodniopomorskie stargardzki 67753 Stargard
27%
małopolskie suski 9042 Sucha Beskidzka
27%
zachodniopomorskie świdwiński 15411 Świdwin
27%
śląskie Świętochłowice 49363 Świętochłowice
27%
lubelskie tomaszowski 18941 Tomaszów Lubelski
27%
lubelskie włodawski 13002 Włodawa
27%
podlaskie wysokomazowiecki 9319 Wysokie Mazowieckie
27%
lubuskie żagański 25506 Żagań
27%
podlaskie zambrowski 22015 Zambrów
27%
lubuskie żarski 37173 Żary
27%
śląskie zawierciański 48934 Zawiercie
27%
łódzkie zduńskowolski 41499 Zduńska Wola
27%
łódzkie zgierski 55985 Zgierz
27%
wielkopolskie złotowski 18513 Złotów
27%
śląskie Żory 62670 Żory
27%
mazowieckie żyrardowski 39730 Żyrardów
27%
śląskie żywiecki 30951 Żywiec
27%
warmińsko-mazurskie braniewski 16964 Braniewo
20%
wielkopolskie chodzieski 18416 Chodzież
20%
pomorskie człuchowski 13569 Człuchów
20%
zachodniopomorskie sławieński 13657 Darłowo
20%
warmińsko-mazurskie działdowski 21216 Działdowo
20%
łódzkie zgierski 32488 gmina Aleksandrów Łódzki
20%
lubelskie kraśnicki 8555 gmina Annopol
20%
lubuskie zielonogórski 6211 gmina Babimost
20%
dolnośląskie ząbkowicki 5236 gmina Bardo
20%
lubelskie janowski 3253 gmina Batorz
20%
łódzkie rawski 11257 gmina Biała Rawska
20%
kujawsko-pomorskie bydgoski 22835 gmina Białe Błota
20%
mazowieckie białobrzeski 10237 gmina Białobrzegi
20%
podkarpackie łańcucki 8745 gmina Białobrzegi
20%
zachodniopomorskie szczecinecki 5268 gmina Biały Bór
20%
warmińsko-mazurskie nowomiejski 9297 gmina Biskupiec
20%
warmińsko-mazurskie olsztyński 18962 gmina Biskupiec
20%
kujawsko-pomorskie lipnowski 3086 gmina Bobrowniki
20%
śląskie będziński 12133 gmina Bobrowniki
20%
dolnośląskie zgorzelecki 22800 gmina Bogatynia
20%
podkarpackie stalowowolski 7613 gmina Bojanów
20%
opolskie głubczycki 6400 gmina Branice
20%
warmińsko-mazurskie braniewski 6046 gmina Braniewo
20%
pomorskie chojnicki 14598 gmina Brusy
20%
zachodniopomorskie świdwiński 2757 gmina Brzeżno
20%
wielkopolskie poznański 12664 gmina Buk
20%
lubuskie nowosolski 5400 gmina Bytom Odrzański
20%
wielkopolskie pleszewski 4752 gmina Chocz
20%
wielkopolskie chodzieski 6128 gmina Chodzież
20%
lubelskie łęczyński 7907 gmina Cyców
20%
lubuskie zielonogórski 9984 gmina Czerwieńsk
20%
pomorskie człuchowski 11147 gmina Człuchów
20%
lubuskie krośnieński 4908 gmina Dąbie
20%
wielkopolskie kolski 6273 gmina Dąbie
20%
zachodniopomorskie sławieński 7960 gmina Darłowo
20%
lubuskie gorzowski 10039 gmina Deszczno
20%
dolnośląskie wrocławski 34471 gmina Długołęka
20%
kujawsko-pomorskie radziejowski 5317 gmina Dobre
20%
mazowieckie miński 5995 gmina Dobre
20%
wielkopolskie czarnkowsko-trzcianecki 5768 gmina Drawsko
20%
warmińsko-mazurskie działdowski 9837 gmina Działdowo
20%
podkarpackie rzeszowski 19796 gmina Głogów Małopolski
20%
mazowieckie kozienicki 7120 gmina Głowaczów
20%
pomorskie słupski 8929 gmina Główczyce
20%
śląskie wodzisławski 13810 gmina Godów
20%
lubelskie janowski 5791 gmina Godziszów
20%
warmińsko-mazurskie gołdapski 20120 gmina Gołdap
20%
świętokrzyskie kielecki 14593 gmina Górno
20%
lubelskie kraśnicki 7167 gmina Gościeradów
20%
mazowieckie radomski 9036 gmina Gózd
20%
zachodniopomorskie gryfiński 31752 gmina Gryfino
20%
lubelskie włodawski 2827 gmina Hanna
20%
lubelskie włodawski 3683 gmina Hańsk
20%
mazowieckie sochaczewski 6123 gmina Iłów
20%
lubuskie żagański 6823 gmina Iłowa
20%
mazowieckie radomski 14610 gmina Iłża
20%
lubelskie parczewski 3861 gmina Jabłoń
20%
kujawsko-pomorskie świecki 8049 gmina Jeżewo
20%
łódzkie brzeziński 3360 gmina Jeżów
20%
łódzkie radomszczański 5856 gmina Kamieńsk
20%
pomorskie kartuski 34092 gmina Kartuzy
20%
wielkopolskie kępiński 24473 gmina Kępno
20%
wielkopolskie poznański 31136 gmina Komorniki
20%
kujawsko-pomorskie aleksandrowski 3126 gmina Koneck
20%
świętokrzyskie konecki 35009 gmina Końskie
20%
wielkopolskie poznański 30379 gmina Kórnik
20%
kujawsko-pomorskie włocławski 3904 gmina Kowal
20%
kujawsko-pomorskie golubsko-dobrzyński 11438 gmina Kowalewo Pomorskie
20%
lubuskie krośnieński 17639 gmina Krosno Odrzańskie
20%
wielkopolskie krotoszyński 40333 gmina Krotoszyn
20%
dolnośląskie legnicki 7098 gmina Kunice
20%
dolnośląskie dzierżoniowski 7430 gmina Łagiewniki
20%
lubelskie łęczyński 23211 gmina Łęczna
20%
dolnośląskie lubański 9937 gmina Leśna
20%
warmińsko-mazurskie działdowski 13999 gmina Lidzbark
20%
warmińsko-mazurskie lidzbarski 6670 gmina Lidzbark Warmiński
20%
małopolskie gorlicki 6782 gmina Lipinki
20%
lubuskie żarski 3375 gmina Lipinki Łużyckie
20%
mazowieckie lipski 10919 gmina Lipsko
20%
warmińsko-mazurskie iławski 10709 gmina Lubawa
20%
dolnośląskie kamiennogórski 10802 gmina Lubawka
20%
kujawsko-pomorskie toruński 20267 gmina Lubicz
20%
pomorskie bytowski 19428 gmina Miastko
20%
małopolskie miechowski 19607 gmina Miechów
20%
wielkopolskie międzychodzki 18361 gmina Międzychód
20%
lubelskie bialski 10434 gmina Międzyrzec Podlaski
20%
dolnośląskie wrocławski 3761 gmina Mietków
20%
warmińsko-mazurskie mrągowski 8125 gmina Mikołajki
20%
mazowieckie grójecki 8615 gmina Mogielnica
20%
kujawsko-pomorskie mogileński 24526 gmina Mogilno
20%
opolskie opolski 5303 gmina Murów
20%
małopolskie nowosądecki 11543 gmina Muszyna
20%
zachodniopomorskie myśliborski 19615 gmina Myślibórz
20%
warmińsko-mazurskie nidzicki 20972 gmina Nidzica
20%
dolnośląskie dzierżoniowski 5450 gmina Niemcza
20%
opolskie opolski 13133 gmina Niemodlin
20%
dolnośląskie kłodzki 11478 gmina Nowa Ruda
20%
dolnośląskie bolesławiecki 15202 gmina Nowogrodziec
20%
pomorskie nowodworski 17638 gmina Nowy Dwór Gdański
20%
wielkopolskie nowotomyski 27161 gmina Nowy Tomyśl
20%
lubelskie biłgorajski 4208 gmina Obsza
20%
warmińsko-mazurskie olecki 21982 gmina Olecko
20%
małopolskie dąbrowski 7976 gmina Olesno
20%
opolskie oleski 17744 gmina Olesno
20%
łódzkie opoczyński 33988 gmina Opoczno
20%
lubelskie opolski 17047 gmina Opole Lubelskie
20%
kujawsko-pomorskie brodnicki 4039 gmina Osiek
20%
małopolskie oświęcimski 8252 gmina Osiek
20%
pomorskie starogardzki 2373 gmina Osiek
20%
świętokrzyskie staszowski 7664 gmina Osiek
20%
mazowieckie ostrowski 12886 gmina Ostrów Mazowiecka
20%
świętokrzyskie starachowicki 15192 gmina Pawłów
20%
łódzkie łęczycki 5960 gmina Piątek
20%
podlaskie łomżyński 10668 gmina Piątnica
20%
zachodniopomorskie koszaliński 8558 gmina Polanów
20%
małopolskie tatrzański 11677 gmina Poronin
20%
śląskie pszczyński 52849 gmina Pszczyna
20%
zachodniopomorskie pyrzycki 19295 gmina Pyrzyce
20%
dolnośląskie kłodzki 9018 gmina Radków
20%
świętokrzyskie włoszczowski 2500 gmina Radków
20%
mazowieckie wołomiński 27741 gmina Radzymin
20%
kujawsko-pomorskie grudziądzki 4633 gmina Radzyń Chełmiński
20%
lubelskie bialski 2963 gmina Rokitno
20%
lubelskie bialski 2185 gmina Rossosz
20%
lubelskie krasnostawski 2988 gmina Rudnik
20%
śląskie raciborski 5178 gmina Rudnik
20%
podkarpackie ropczycko-sędziszowski 23812 gmina Sędziszów Małopolski
20%
kujawsko-pomorskie sępoleński 15752 gmina Sępólno Krajeńskie
20%
wielkopolskie międzychodzki 8686 gmina Sieraków
20%
pomorskie kartuski 20229 gmina Sierakowice
20%
lubuskie sulęciński 4751 gmina Słońsk
20%
podlaskie sokólski 25266 gmina Sokółka
20%
podkarpackie rzeszowski 17270 gmina Sokołów Małopolski
20%
wielkopolskie średzki 32784 gmina Środa Wielkopolska
20%
pomorskie starogardzki 16781 gmina Starogard Gdański
20%
pomorskie sztumski 6217 gmina Stary Targ
20%
pomorskie nowodworski 9722 gmina Stegna
20%
dolnośląskie świdnicki 25608 gmina Strzegom
20%
lubuskie strzelecko-drezdenecki 16923 gmina Strzelce Krajeńskie
20%
wielkopolskie poznański 18407 gmina Suchy Las
20%
lubuskie sulęciński 15702 gmina Sulęcin
20%
małopolskie myślenicki 15044 gmina Sułkowice
20%
dolnośląskie oleśnicki 16888 gmina Syców
20%
wielkopolskie szamotulski 30256 gmina Szamotuły
20%
lubuskie sulęciński 6802 gmina Torzym
20%
śląskie gliwicki 9356 gmina Toszek
20%
małopolskie bocheński 5651 gmina Trzciana
20%
wielkopolskie czarnkowsko-trzcianecki 24311 gmina Trzcianka
20%
łódzkie tomaszowski 7717 gmina Ujazd
20%
opolskie strzelecki 6415 gmina Ujazd
20%
lubelskie rycki 3171 gmina Ułęż
20%
kujawsko-pomorskie aleksandrowski 4560 gmina Waganiec
20%
wielkopolskie wągrowiecki 12319 gmina Wągrowiec
20%
małopolskie krakowski 12923 gmina Wielka Wieś
20%
wielkopolskie turecki 8096 gmina Władysławów
20%
świętokrzyskie włoszczowski 19234 gmina Włoszczowa
20%
lubelskie radzyński 6558 gmina Wohyń
20%
lubelskie chełmski 3724 gmina Wojsławice
20%
małopolskie olkuski 22670 gmina Wolbrom
20%
zachodniopomorskie kamieński 12105 gmina Wolin
20%
lubelskie lubelski 12639 gmina Wólka
20%
wielkopolskie wolsztyński 30597 gmina Wolsztyn
20%
wielkopolskie wrzesiński 47430 gmina Września
20%
wielkopolskie pilski 6519 gmina Wysoka
20%
lubelskie bialski 4399 gmina Zalesie
20%
małopolskie oświęcimski 9286 gmina Zator
20%
lubuskie strzelecko-drezdenecki 4315 gmina Zwierzyn
20%
kujawsko-pomorskie włocławski 3497 Kowal
20%
śląskie bieruńsko-lędziński 16783 Lędziny
20%
warmińsko-mazurskie lidzbarski 15628 Lidzbark Warmiński
20%
warmińsko-mazurskie iławski 10390 Lubawa
20%
śląskie lubliniecki 23658 Lubliniec
20%
wielkopolskie poznański 31975 Luboń
20%
mazowieckie makowski 9651 Maków Mazowiecki
20%
lubelskie bialski 16737 Międzyrzec Podlaski
20%
śląskie Mysłowice 74601 Mysłowice
20%
dolnośląskie kłodzki 21752 Nowa Ruda
20%
mazowieckie nowodworski 28718 Nowy Dwór Mazowiecki
20%
świętokrzyskie ostrowiecki 67975 Ostrowiec Świętokrzyski
20%
mazowieckie ostrowski 22332 Ostrów Mazowiecka
20%
śląskie gliwicki 18450 Pyskowice
20%
śląskie wodzisławski 17747 Radlin
20%
pomorskie wejherowski 26535 Reda
20%
pomorskie starogardzki 47535 Starogard Gdański
20%
zachodniopomorskie Świnoujście 40864 Świnoujście
20%
śląskie tarnogórski 61756 Tarnowskie Góry
20%
wielkopolskie wągrowiecki 25685 Wągrowiec
20%
śląskie wodzisławski 47685 Wodzisław Śląski
20%
dolnośląskie dzierżoniowski 29713 Bielawa
13%
podlaskie bielski 3739 Brańsk
13%
dolnośląskie legnicki 13288 Chojnów
13%
kujawsko-pomorskie aleksandrowski 10610 Ciechocinek
13%
wielkopolskie czarnkowsko-trzcianecki 10547 Czarnków
13%
śląskie będziński 31287 Czeladź
13%
lubelskie lubartowski 4015 gmina Abramów
13%
lubelskie tomaszowski 3288 gmina Bełżec
13%
lubelskie lubelski 13201 gmina Bełżyce
13%
lubelskie chełmski 2872 gmina Białopole
13%
małopolskie tatrzański 7177 gmina Biały Dunajec
13%
świętokrzyskie kielecki 10278 gmina Bieliny
13%
lubelskie biłgorajski 3750 gmina Biszcza
13%
lubuskie międzyrzecki 4323 gmina Bledzew
13%
mazowieckie płocki 8174 gmina Bodzanów
13%
świętokrzyskie kielecki 11435 gmina Bodzentyn
13%
lubuskie gorzowski 7109 gmina Bogdaniec
13%
podkarpackie rzeszowski 20817 gmina Boguchwała
13%
wielkopolskie rawicki 8730 gmina Bojanowo
13%
dolnośląskie jaworski 10363 gmina Bolków
13%
dolnośląskie strzeliński 5257 gmina Borów
13%
lubelskie lubelski 3769 gmina Borzechów
13%
podlaskie bielski 5589 gmina Brańsk
13%
mazowieckie sochaczewski 4378 gmina Brochów
13%
lubuskie żarski 3367 gmina Brody
13%
świętokrzyskie starachowicki 10823 gmina Brody
13%
dolnośląskie wołowski 16095 gmina Brzeg Dolny
13%
kujawsko-pomorskie włocławski 11408 gmina Brześć Kujawski
13%
kujawsko-pomorskie brodnicki 3813 gmina Brzozie
13%
małopolskie tatrzański 13448 gmina Bukowina Tatrzańska
13%
lubelskie lubelski 11577 gmina Bychawa
13%
lubuskie krośnieński 2491 gmina Bytnica
13%
zachodniopomorskie gryfiński 4192 gmina Cedynia
13%
świętokrzyskie kielecki 15066 gmina Chęciny
13%
dolnośląskie polkowicki 12793 gmina Chocianów
13%
pomorskie wejherowski 5477 gmina Choczewo
13%
lubelskie opolski 6547 gmina Chodel
13%
dolnośląskie legnicki 9555 gmina Chojnów
13%
zachodniopomorskie choszczeński 21544 gmina Choszczno
13%
mazowieckie lipski 2320 gmina Chotcza
13%
dolnośląskie milicki 4660 gmina Cieszków
13%
podkarpackie leski 1746 gmina Cisna
13%
świętokrzyskie ostrowiecki 7286 gmina Ćmielów
13%
podlaskie białostocki 11265 gmina Czarna Białostocka
13%
pomorskie człuchowski 9008 gmina Czarne
13%
wielkopolskie czarnkowsko-trzcianecki 11439 gmina Czarnków
13%
mazowieckie makowski 2638 gmina Czerwonka
13%
podlaskie hajnowski 1933 gmina Czyże
13%
kujawsko-pomorskie inowrocławski 5076 gmina Dąbrowa Biskupia
13%
lubelskie parczewski 3909 gmina Dębowa Kłoda
13%
kujawsko-pomorskie wąbrzeski 3152 gmina Dębowa Łąka
13%
zachodniopomorskie policki 24749 gmina Dobra (Szczecińska)
13%
dolnośląskie oławski 5154 gmina Domaniów
13%
kujawsko-pomorskie świecki 7227 gmina Dragacz
13%
zachodniopomorskie drawski 17076 gmina Drawsko Pomorskie
13%
lubuskie strzelecko-drezdenecki 17065 gmina Drezdenko
13%
kujawsko-pomorskie świecki 4880 gmina Drzycim
13%
wielkopolskie szamotulski 9137 gmina Duszniki
13%
łódzkie pajęczański 12387 gmina Działoszyn
13%
zachodniopomorskie kamieński 3945 gmina Dziwnów
13%
lubelskie krasnostawski 4575 gmina Fajsławice
13%
lubelskie lubelski 9045 gmina Garbów
13%
kujawsko-pomorskie żniński 5302 gmina Gąsawa
13%
małopolskie wielicki 18357 gmina Gdów
13%
warmińsko-mazurskie olsztyński 6710 gmina Gietrzwałd
13%
opolskie prudnicki 13174 gmina Głogówek
13%
opolskie nyski 23525 gmina Głuchołazy
13%
świętokrzyskie buski 4330 gmina Gnojno
13%
opolskie krapkowicki 12689 gmina Gogolin
13%
mazowieckie piaseczyński 27154 gmina Góra Kalwaria
13%
łódzkie łęczycki 4342 gmina Góra Świętej Małgorzaty
13%
lubelskie krasnostawski 3416 gmina Gorzków
13%
kujawsko-pomorskie brodnicki 3904 gmina Górzno
13%
mazowieckie garwoliński 6558 gmina Górzno
13%
podkarpackie tarnobrzeski 13081 gmina Gorzyce
13%
śląskie wodzisławski 21355 gmina Gorzyce
13%
łódzkie łęczycki 5850 gmina Grabów
13%
lubelskie zamojski 3904 gmina Grabowiec
13%
podlaskie białostocki 5111 gmina Gródek
13%
opolskie brzeski 19031 gmina Grodków
13%
zachodniopomorskie gryficki 23675 gmina Gryfice
13%
dolnośląskie lwówecki 9623 gmina Gryfów Śląski
13%
lubuskie krośnieński 7142 gmina Gubin
13%
podkarpackie rzeszowski 7062 gmina Hyżne
13%
śląskie cieszyński 12183 gmina Istebna
13%
lubelskie krasnostawski 8078 gmina Izbica
13%
kujawsko-pomorskie włocławski 7644 gmina Izbica Kujawska
13%
małopolskie nowotarski 18694 gmina Jabłonka
13%
lubelskie lubelski 8075 gmina Jabłonna
13%
mazowieckie legionowski 19843 gmina Jabłonna
13%
mazowieckie miński 5111 gmina Jakubów
13%
lubelskie puławski 3663 gmina Janowiec
13%
podkarpackie krośnieński 2177 gmina Jaśliska
13%
mazowieckie radomski 7017 gmina Jastrzębia
13%
śląskie rybnicki 4162 gmina Jejkowice
13%
podlaskie suwalski 3151 gmina Jeleniewo
13%
podkarpackie niżański 10097 gmina Jeżowe
13%
małopolskie suski 11235 gmina Jordanów
13%
dolnośląskie wrocławski 3181 gmina Jordanów Śląski
13%
lubelskie biłgorajski 6701 gmina Józefów
13%
lubelskie radzyński 8004 gmina Kąkolewnica
13%
wielkopolskie grodziski 6625 gmina Kamieniec
13%
lubelskie opolski 5535 gmina Karczmiska
13%
świętokrzyskie kazimierski 16069 gmina Kazimierza Wielka
13%
lubelskie puławski 6637 gmina Kazimierz Dolny
13%
małopolskie oświęcimski 34100 gmina Kęty
13%
opolskie głubczycki 10770 gmina Kietrz
13%
świętokrzyskie pińczowski 4356 gmina Kije
13%
lubelskie rycki 7154 gmina Kłoczew
13%
lubuskie gorzowski 8723 gmina Kłodawa
13%
wielkopolskie kolski 12770 gmina Kłodawa
13%
dolnośląskie wrocławski 22024 gmina Kobierzyce
13%
pomorskie słupski 13064 gmina Kobylnica
13%
lubelskie lubartowski 6325 gmina Kock
13%
lubelskie bialski 3493 gmina Kodeń
13%
łódzkie łódzki wschodni 23329 gmina Koluszki
13%
pomorskie pucki 15977 gmina Kosakowo
13%
małopolskie tatrzański 8876 gmina Kościelisko
13%
wielkopolskie poznański 18610 gmina Kostrzyn
13%
mazowieckie radomski 12242 gmina Kowala
13%
śląskie myszkowski 14324 gmina Koziegłowy
13%
zachodniopomorskie pyrzycki 2462 gmina Kozielice
13%
małopolskie miechowski 4572 gmina Kozłów
13%
mazowieckie przasnyski 3593 gmina Krasne
13%
podkarpackie rzeszowski 11682 gmina Krasne
13%
lubelskie zamojski 7081 gmina Krasnobród
13%
pomorskie pucki 10813 gmina Krokowa
13%
kujawsko-pomorskie inowrocławski 19121 gmina Kruszwica
13%
kujawsko-pomorskie wąbrzeski 4134 gmina Książki
13%
małopolskie miechowski 5049 gmina Książ Wielki
13%
lubelskie biłgorajski 6911 gmina Księżpol
13%
lubelskie puławski 7632 gmina Kurów
13%
podlaskie sokólski 3894 gmina Kuźnica
13%
lubelskie zamojski 6198 gmina Łabunie
13%
świętokrzyskie skarżyski 4952 gmina Łączna
13%
lubuskie świebodziński 4930 gmina Łagów
13%
świętokrzyskie kielecki 6862 gmina Łagów
13%
podlaskie białostocki 21794 gmina Łapy
13%
kujawsko-pomorskie grudziądzki 7807 gmina Łasin
13%
lubelskie bialski 4293 gmina Leśna Podlaska
13%
mazowieckie piaseczyński 29083 gmina Lesznowola
13%
pomorskie bytowski 5209 gmina Lipnica
13%
kujawsko-pomorskie chełmiński 5186 gmina Lisewo
13%
małopolskie tarnowski 15430 gmina Lisia Góra
13%
kujawsko-pomorskie świecki 4335 gmina Lniano
13%
zachodniopomorskie łobeski 13798 gmina Łobez
13%
małopolskie myślenicki 10090 gmina Lubień
13%
kujawsko-pomorskie włocławski 7288 gmina Lubień Kujawski
13%
lubuskie gorzowski 6898 gmina Lubiszyn
13%
lubuskie świebodziński 3563 gmina Lubrza
13%
opolskie prudnicki 4330 gmina Lubrza
13%
lubelskie biłgorajski 4204 gmina Łukowa
13%
podkarpackie bieszczadzki 2059 gmina Lutowiska
13%
mazowieckie garwoliński 6880 gmina Maciejowice
13%
małopolskie suski 16042 gmina Maków Podhalański
13%
mazowieckie płocki 5937 gmina Mała Wieś
13%
dolnośląskie kamiennogórski 4507 gmina Marciszów
13%
świętokrzyskie kielecki 11087 gmina Masłów
13%
lubuskie krośnieński 2804 gmina Maszewo
13%
zachodniopomorskie goleniowski 8763 gmina Maszewo
13%
małopolskie dąbrowski 3414 gmina Mędrzechów
13%
podkarpackie przemyski 6532 gmina Medyka
13%
świętokrzyskie pińczowski 4548 gmina Michałów
13%
małopolskie krakowski 10846 gmina Michałowice
13%
mazowieckie pruszkowski 18405 gmina Michałowice
13%
dolnośląskie oleśnicki 5102 gmina Międzybórz
13%
dolnośląskie kłodzki 7155 gmina Międzylesie
13%
dolnośląskie lwówecki 8496 gmina Mirsk
13%
warmińsko-mazurskie ostródzki 24131 gmina Morąg
13%
wielkopolskie poznański 33642 gmina Mosina
13%
łódzkie piotrkowski 12922 gmina Moszczenica
13%
małopolskie gorlicki 4983 gmina Moszczenica
13%
kujawsko-pomorskie nakielski 31620 gmina Nakło nad Notecią
13%
podlaskie hajnowski 3424 gmina Narew
13%
mazowieckie nowodworski 19997 gmina Nasielsk
13%
lubelskie lubartowski 6176 gmina Niedźwiada
13%
lubelskie zamojski 5417 gmina Nielisz
13%
lubelskie lubelski 19916 gmina Niemce
13%
podkarpackie tarnobrzeski 17973 gmina Nowa Dęba
13%
kujawsko-pomorskie bydgoski 10238 gmina Nowa Wieś Wielka
13%
lubuskie nowosolski 5340 gmina Nowe Miasteczko
13%
kujawsko-pomorskie toruński 18039 gmina Obrowo
13%
warmińsko-mazurskie olsztyński 13686 gmina Olsztynek
13%
dolnośląskie lubański 6496 gmina Olszyna
13%
mazowieckie otwocki 3653 gmina Osieck
13%
pomorskie starogardzki 2882 gmina Osieczna
13%
wielkopolskie leszczyński 9305 gmina Osieczna
13%
kujawsko-pomorskie bydgoski 14992 gmina Osielsko
13%
warmińsko-mazurskie ostródzki 16107 gmina Ostróda
13%
lubelskie lubartowski 3821 gmina Ostrówek
13%
łódzkie wieluński 4498 gmina Ostrówek
13%
lubelskie lubartowski 5219 gmina Ostrów Lubelski
13%
wielkopolskie ostrzeszowski 23959 gmina Ostrzeszów
13%
świętokrzyskie opatowski 10604 gmina Ożarów
13%
mazowieckie warszawski zachodni 25840 gmina Ożarów Mazowiecki
13%
opolskie opolski 19473 gmina Ozimek
13%
świętokrzyskie buski 7303 gmina Pacanów
13%
wielkopolskie rawicki 4919 gmina Pakosław
13%
mazowieckie garwoliński 4142 gmina Parysów
13%
śląskie pszczyński 18165 gmina Pawłowice
13%
lubelskie świdnicki 10513 gmina Piaski
13%
wielkopolskie gostyński 8623 gmina Piaski
13%
dolnośląskie zgorzelecki 9015 gmina Pieńsk
13%
dolnośląskie dzierżoniowski 9397 gmina Pieszyce
13%
mazowieckie garwoliński 10983 gmina Pilawa
13%
śląskie zawierciański 8529 gmina Pilica
13%
podkarpackie dębicki 18247 gmina Pilzno
13%
mazowieckie radomski 9973 gmina Pionki
13%
mazowieckie pułtuski 5018 gmina Pokrzywnica
13%
śląskie bielski 15605 gmina Porąbka
13%
zachodniopomorskie sławieński 6884 gmina Postomino
13%
lubelskie biłgorajski 5323 gmina Potok Górny
13%
lubelskie janowski 4625 gmina Potok Wielki
13%
mazowieckie białobrzeski 5528 gmina Promna
13%
lubuskie żarski 3114 gmina Przewóz
13%
lubuskie międzyrzecki 4273 gmina Pszczew
13%
podlaskie sejneński 4157 gmina Puńsk
13%
mazowieckie płoński 8263 gmina Raciąż
13%
małopolskie miechowski 2509 gmina Racławice
13%
małopolskie tarnowski 9659 gmina Radłów
13%
opolskie oleski 4297 gmina Radłów
13%
podkarpackie jarosławski 11404 gmina Radymno
13%
mazowieckie żyrardowski 5859 gmina Radziejowice
13%
śląskie żywiecki 8767 gmina Rajcza
13%
świętokrzyskie kielecki 5576 gmina Raków
13%
mazowieckie pruszkowski 21891 gmina Raszyn
13%
zachodniopomorskie gryficki 3871 gmina Rewal
13%
łódzkie brzeziński 4703 gmina Rogów
13%
kujawsko-pomorskie grudziądzki 4210 gmina Rogóźno
13%
wielkopolskie obornicki 18356 gmina Rogoźno
13%
podkarpackie niżański 10146 gmina Rudnik nad Sanem
13%
łódzkie bełchatowski 5076 gmina Rusiec
13%
mazowieckie sochaczewski 3481 gmina Rybno
13%
warmińsko-mazurskie działdowski 7180 gmina Rybno
13%
warmińsko-mazurskie giżycki 5645 gmina Ryn
13%
łódzkie łódzki wschodni 10517 gmina Rzgów
13%
wielkopolskie koniński 7257 gmina Rzgów
13%
lubuskie gorzowski 8734 gmina Santok
13%
lubelskie lubartowski 4909 gmina Serniki
13%
lubelskie łukowski 3933 gmina Serokomla
13%
dolnośląskie wrocławski 23550 gmina Siechnice
13%
lubelskie parczewski 4496 gmina Siemień
13%
podkarpackie przeworski 7020 gmina Sieniawa
13%
mazowieckie miński 7506 gmina Siennica
13%
lubelskie krasnostawski 4107 gmina Siennica Różana
13%
mazowieckie lipski 5791 gmina Sienno
13%
lubuskie świebodziński 5095 gmina Skąpe
13%
małopolskie krakowski 43650 gmina Skawina
13%
śląskie cieszyński 26878 gmina Skoczów
13%
wielkopolskie wągrowiecki 9768 gmina Skoki
13%
lubelskie bialski 2283 gmina Sławatycze
13%
małopolskie krakowski 13635 gmina Słomniki
13%
wielkopolskie kościański 17579 gmina Śmigiel
13%
świętokrzyskie konecki 3787 gmina Smyków
13%
mazowieckie garwoliński 8203 gmina Sobolew
13%
dolnośląskie wrocławski 12889 gmina Sobótka
13%
łódzkie wieruszowski 5040 gmina Sokolniki
13%
kujawsko-pomorskie bydgoski 16795 gmina Solec Kujawski
13%
podkarpackie leski 5320 gmina Solina
13%
małopolskie nowotarski 4618 gmina Spytkowice
13%
małopolskie wadowicki 10375 gmina Spytkowice
13%
mazowieckie białobrzeski 5302 gmina Stara Błotnica
13%
lubelskie zamojski 5150 gmina Stary Zamość
13%
świętokrzyskie staszowski 25534 gmina Staszów
13%
kujawsko-pomorskie chełmiński 5292 gmina Stolno
13%
świętokrzyskie kielecki 10950 gmina Strawczyn
13%
opolskie krapkowicki 7378 gmina Strzeleczki
13%
mazowieckie mławski 4830 gmina Stupsk
13%
zachodniopomorskie stargardzki 4284 gmina Suchań
13%
łódzkie piotrkowski 16340 gmina Sulejów
13%
kujawsko-pomorskie grudziądzki 4129 gmina Świecie nad Osą
13%
śląskie tarnogórski 12504 gmina Świerklaniec
13%
śląskie rybnicki 12532 gmina Świerklany
13%
lubelskie kraśnicki 5749 gmina Szastarka
13%
małopolskie dąbrowski 13145 gmina Szczucin
13%
dolnośląskie kłodzki 7256 gmina Szczytna
13%
warmińsko-mazurskie szczycieński 13164 gmina Szczytno
13%
lubuskie wschowski 5019 gmina Szlichtyngowa
13%
podlaskie augustowski 5042 gmina Sztabin
13%
pomorskie nowodworski 3635 gmina Sztutowo
13%
kujawsko-pomorskie nakielski 24872 gmina Szubin
13%
podlaskie zambrowski 4788 gmina Szumowo
13%
lubelskie biłgorajski 6623 gmina Tarnogród
13%
opolskie opolski 9653 gmina Tarnów Opolski
13%
lubelskie bialski 6664 gmina Terespol
13%
lubelskie biłgorajski 3878 gmina Tereszpol
13%
mazowieckie wołomiński 20101 gmina Tłuszcz
13%
lubuskie międzyrzecki 6407 gmina Trzciel
13%
zachodniopomorskie gryficki 16043 gmina Trzebiatów
13%
lubuskie zielonogórski 3363 gmina Trzebiechów
13%
małopolskie chrzanowski 33702 gmina Trzebinia
13%
wielkopolskie gnieźnieński 14277 gmina Trzemeszno
13%
lubelskie kraśnicki 6395 gmina Trzydnik Duży
13%
lubelskie biłgorajski 5968 gmina Turobin
13%
łódzkie łódzki wschodni 12434 gmina Tuszyn
13%
dolnośląskie oleśnicki 12897 gmina Twardogóra
13%
dolnośląskie średzki 5067 gmina Udanin
13%
wielkopolskie pilski 7954 gmina Ujście
13%
lubelskie lubartowski 3165 gmina Uścimów
13%
świętokrzyskie starachowicki 6801 gmina Wąchock
13%
dolnośląskie wałbrzyski 5387 gmina Walim
13%
mazowieckie grójecki 19227 gmina Warka
13%
łódzkie sieradzki 12589 gmina Warta
13%
dolnośląskie strzeliński 7085 gmina Wiązów
13%
lubelskie chełmski 5029 gmina Wierzbica
13%
mazowieckie radomski 9638 gmina Wierzbica
13%
mazowieckie garwoliński 5259 gmina Wilga
13%
lubelskie kraśnicki 5520 gmina Wilkołaz
13%
lubelskie opolski 4379 gmina Wilków
13%
opolskie namysłowski 4387 gmina Wilków
13%
dolnośląskie wołowski 8241 gmina Wińsko
13%
dolnośląskie trzebnicki 10638 gmina Wisznia Mała
13%
lubuskie gorzowski 12811 gmina Witnica
13%
lubelskie włodawski 3840 gmina Wola Uhruska
13%
śląskie lubliniecki 9594 gmina Woźniki
13%
śląskie mikołowski 8541 gmina Wyry
13%
lubelskie włodawski 2547 gmina Wyryki
13%
mazowieckie wyszkowski 39728 gmina Wyszków
13%
mazowieckie grodziski 9097 gmina Żabia Wola
13%
małopolskie krakowski 26898 gmina Zabierzów
13%
małopolskie tarnowski 18846 gmina Żabno
13%
lubuskie zielonogórski 4351 gmina Zabór
13%
lubelskie lubelski 2872 gmina Zakrzew
13%
mazowieckie radomski 13252 gmina Zakrzew
13%
kujawsko-pomorskie aleksandrowski 3500 gmina Zakrzewo
13%
wielkopolskie złotowski 4900 gmina Zakrzewo
13%
lubelskie kraśnicki 6437 gmina Zakrzówek
13%
podlaskie białostocki 2703 gmina Zawady
13%
małopolskie suski 9062 gmina Zawoja
13%
dolnośląskie trzebnicki 5919 gmina Zawonia
13%
łódzkie łowicki 5687 gmina Zduny
13%
wielkopolskie krotoszyński 7556 gmina Zduny
13%
śląskie cieszyński 13238 gmina Zebrzydowice
13%
małopolskie krakowski 23408 gmina Zielonki
13%
kujawsko-pomorskie inowrocławski 9160 gmina Złotniki Kujawskie
13%
dolnośląskie ząbkowicki 4422 gmina Złoty Stok
13%
dolnośląskie trzebnicki 14635 gmina Żmigród
13%
lubelskie chełmski 3032 gmina Żmudź
13%
lubelskie zamojski 6673 gmina Zwierzyniec
13%
lubuskie krośnieński 16555 Gubin
13%
małopolskie suski 5378 Jordanów
13%
mazowieckie otwocki 20744 Józefów
13%
śląskie gliwicki 38004 Knurów
13%
dolnośląskie karkonoski 10741 Kowary
13%
pomorskie nowodworski 1279 Krynica Morska
13%
mazowieckie wołomiński 36215 Marki
13%
śląskie tarnogórski 7422 Miasteczko Śląskie
13%
kujawsko-pomorskie aleksandrowski 1834 Nieszawa
13%
warmińsko-mazurskie ostródzki 32816 Ostróda
13%
dolnośląskie karkonoski 6121 Piechowice
13%
dolnośląskie dzierżoniowski 6382 Piława Górna
13%
mazowieckie radomski 18047 Pionki
13%
mazowieckie grodziski 3839 Podkowa Leśna
13%
śląskie zawierciański 8451 Poręba
13%
śląskie wodzisławski 13814 Pszów
13%
mazowieckie płoński 4390 Raciąż
13%
podkarpackie jarosławski 5240 Radymno
13%
śląskie będziński 6991 Sławków
13%
mazowieckie miński 19960 Sulejówek
13%
dolnośląskie świdnicki 22715 Świebodzice
13%
śląskie bielski 5731 Szczyrk
13%
warmińsko-mazurskie szczycieński 23026 Szczytno
13%
lubelskie bialski 5509 Terespol
13%
śląskie cieszyński 16055 Ustroń
13%
śląskie cieszyński 11040 Wisła
13%
pomorskie pucki 15332 Władysławowo
13%
mazowieckie wołomiński 38302 Ząbki
13%
mazowieckie wołomiński 17526 Zielonka
13%
małopolskie olkuski 10034 Bukowno
7%
lubelskie rycki 16007 Dęblin
7%
podkarpackie rzeszowski 6122 Dynów
7%
łódzkie zgierski 14041 Głowno
7%
podkarpackie przeworski 4030 gmina Adamówka
7%
małopolskie chrzanowski 12505 gmina Alwernia
7%
małopolskie wadowicki 43389 gmina Andrychów
7%
mazowieckie ostrowski 4035 gmina Andrzejewo
7%
małopolskie chrzanowski 9097 gmina Babice
7%
opolskie głubczycki 5943 gmina Baborów
7%
mazowieckie płoński 7954 gmina Baboszewo
7%
kujawsko-pomorskie aleksandrowski 4189 gmina Bądkowo
7%
zachodniopomorskie gryfiński 6282 gmina Banie
7%
lubelskie puławski 3848 gmina Baranów
7%
mazowieckie grodziski 5363 gmina Baranów
7%
wielkopolskie kępiński 7980 gmina Baranów
7%
mazowieckie ostrołęcki 6470 gmina Baranowo
7%
kujawsko-pomorskie żniński 14744 gmina Barcin
7%
warmińsko-mazurskie olsztyński 18071 gmina Barczewo
7%
zachodniopomorskie myśliborski 19203 gmina Barlinek
7%
kujawsko-pomorskie brodnicki 4698 gmina Bartniczka
7%
zachodniopomorskie szczecinecki 8458 gmina Barwice
7%
zachodniopomorskie koszaliński 8655 gmina Będzino
7%
śląskie bielski 11931 gmina Bestwina
7%
warmińsko-mazurskie piski 11565 gmina Biała Piska
7%
mazowieckie sokołowski 3578 gmina Bielany
7%
zachodniopomorskie pyrzycki 3116 gmina Bielice
7%
dolnośląskie oleśnicki 9918 gmina Bierutów
7%
mazowieckie żuromiński 4924 gmina Bieżuń
7%
podkarpackie przemyski 6493 gmina Bircza
7%
małopolskie wielicki 10522 gmina Biskupice
7%
śląskie częstochowski 12911 gmina Blachownia
7%
mazowieckie grójecki 7386 gmina Błędów
7%
świętokrzyskie skarżyski 8016 gmina Bliżyn
7%
podlaskie bielski 4157 gmina Boćki
7%
lubuskie zielonogórski 3284 gmina Bojadła
7%
śląskie bieruńsko-lędziński 7994 gmina Bojszowy
7%
kujawsko-pomorskie włocławski 3361 gmina Boniewo
7%
wielkopolskie gostyński 7446 gmina Borek Wielkopolski
7%
lubelskie radzyński 5965 gmina Borki
7%
mazowieckie przysuski 4258 gmina Borkowice
7%
mazowieckie garwoliński 5276 gmina Borowie
7%
małopolskie brzeski 8304 gmina Borzęcin
7%
mazowieckie ostrowski 2804 gmina Brok
7%
wielkopolskie turecki 5972 gmina Brudzew
7%
małopolskie oświęcimski 21146 gmina Brzeszcze
7%
łódzkie sieradzki 6372 gmina Brzeźnio
7%
podkarpackie dębicki 12996 gmina Brzostek
7%
kujawsko-pomorskie rypiński 5280 gmina Brzuze
7%
wielkopolskie chodzieski 8492 gmina Budzyń
7%
kujawsko-pomorskie świecki 5125 gmina Bukowiec
7%
łódzkie sieradzki 5521 gmina Burzenin
7%
opolskie kluczborski 9208 gmina Byczyna
7%
dolnośląskie kłodzki 18729 gmina Bystrzyca Kłodzka
7%
kujawsko-pomorskie radziejowski 3431 gmina Bytoń
7%
pomorskie gdański 6973 gmina Cedry Wielkie
7%
mazowieckie miński 6083 gmina Cegłów
7%
kujawsko-pomorskie tucholski 6865 gmina Cekcyn
7%
mazowieckie otwocki 11738 gmina Celestynów
7%
małopolskie oświęcimski 12908 gmina Chełmek
7%
małopolskie nowosądecki 28927 gmina Chełmiec
7%
śląskie bieruńsko-lędziński 6356 gmina Chełm Śląski
7%
podkarpackie jarosławski 5531 gmina Chłopice
7%
podkarpackie rzeszowski 6954 gmina Chmielnik
7%
świętokrzyskie kielecki 11239 gmina Chmielnik
7%
kujawsko-pomorskie włocławski 7937 gmina Choceń
7%
kujawsko-pomorskie włocławski 5980 gmina Chodecz
7%
mazowieckie przasnyski 10125 gmina Chorzele
7%
opolskie opolski 7047 gmina Chrząstowice
7%
mazowieckie grójecki 9852 gmina Chynów
7%
śląskie lubliniecki 7462 gmina Ciasna
7%
podlaskie wysokomazowiecki 8549 gmina Ciechanowiec
7%
mazowieckie lipski 5505 gmina Ciepielów
7%
podkarpackie lubaczowski 7118 gmina Cieszanów
7%
lubuskie słubicki 6464 gmina Cybinka
7%
zachodniopomorskie drawski 11855 gmina Czaplinek
7%
pomorskie starogardzki 3141 gmina Czarna Woda
7%
mazowieckie ostrołęcki 2508 gmina Czarnia
7%
dolnośląskie wałbrzyski 4850 gmina Czarny Bór
7%
małopolskie nowotarski 22647 gmina Czarny Dunajec
7%
wielkopolskie kościański 11510 gmina Czempiń
7%
podlaskie hajnowski 3077 gmina Czeremcha
7%
łódzkie tomaszowski 5039 gmina Czerniewice
7%
kujawsko-pomorskie toruński 9061 gmina Czernikowo
7%
pomorskie chojnicki 21606 gmina Czersk
7%
wielkopolskie poznański 27697 gmina Czerwonak
7%
zachodniopomorskie wałecki 4871 gmina Człopa
7%
małopolskie nowotarski 7676 gmina Czorsztyn
7%
mazowieckie nowodworski 10003 gmina Czosnów
7%
podlaskie wysokomazowiecki 6333 gmina Czyżew
7%
kujawsko-pomorskie bydgoski 8389 gmina Dąbrowa Chełmińska
7%
śląskie częstochowski 3846 gmina Dąbrowa Zielona
7%
mazowieckie wołomiński 8173 gmina Dąbrówka
7%
pomorskie słupski 6097 gmina Damnica
7%
łódzkie łęczycki 3853 gmina Daszyna
7%
mazowieckie miński 10610 gmina Dębe Wielkie
7%
podkarpackie jasielski 8852 gmina Dębowiec
7%
śląskie cieszyński 5838 gmina Dębowiec
7%
małopolskie myślenicki 15330 gmina Dobczyce
7%
lubuskie strzelecko-drezdenecki 6494 gmina Dobiegniew
7%
opolskie oleski 9824 gmina Dobrodzień
7%
dolnośląskie świdnicki 5197 gmina Dobromierz
7%
opolskie opolski 9512 gmina Dobrzeń Wielki
7%
wielkopolskie pleszewski 8093 gmina Dobrzyca
7%
kujawsko-pomorskie lipnowski 7570 gmina Dobrzyń nad Wisłą
7%
wielkopolskie śremski 5899 gmina Dolsk
7%
mazowieckie siedlecki 2628 gmina Domanice
7%
wielkopolskie poznański 28770 gmina Dopiewo
7%
lubelskie chełmski 6357 gmina Dorohusk
7%
lubelskie bialski 5335 gmina Drelów
7%
lubelskie chełmski 2308 gmina Dubienka
7%
podkarpackie krośnieński 14529 gmina Dukla
7%
świętokrzyskie sandomierski 8677 gmina Dwikozy
7%
podkarpackie brzozowski 7910 gmina Dydnia
7%
podkarpackie rzeszowski 6851 gmina Dynów
7%
warmińsko-mazurskie olsztyński 12098 gmina Dywity
7%
dolnośląskie oleśnicki 4586 gmina Dziadowa Kłoda
7%
świętokrzyskie pińczowski 4868 gmina Działoszyce
7%
mazowieckie płoński 3606 gmina Dzierzążnia
7%
pomorskie sztumski 9178 gmina Dzierzgoń
7%
lubelskie kraśnicki 5247 gmina Dzierzkowice
7%
lubelskie janowski 6196 gmina Dzwola
7%
podlaskie suwalski 4254 gmina Filipów
7%
lubelskie lubartowski 5869 gmina Firlej
7%
mazowieckie płocki 11002 gmina Gąbin
7%
podkarpackie przeworski 4615 gmina Gać
7%
dolnośląskie polkowicki 3982 gmina Gaworzyce
7%
podlaskie sejneński 2679 gmina Giby
7%
mazowieckie przysuski 4524 gmina Gielniów
7%
śląskie gliwicki 12228 gmina Gierałtowice
7%
mazowieckie ciechanowski 7789 gmina Glinojeck
7%
łódzkie zgierski 4817 gmina Głowno
7%
lubelskie lubelski 11752 gmina Głusk
7%
dolnośląskie wałbrzyski 8570 gmina Głuszyca
7%
kujawsko-pomorskie inowrocławski 14386 gmina Gniewkowo
7%
mazowieckie kozienicki 3854 gmina Gniewoszów
7%
małopolskie brzeski 8042 gmina Gnojnik
7%
małopolskie miechowski 6043 gmina Gołcza
7%
wielkopolskie koniński 12078 gmina Golina
7%
opolskie oleski 7116 gmina Gorzów Śląski
7%
lubuskie słubicki 4291 gmina Górzyca
7%
kujawsko-pomorskie tucholski 5187 gmina Gostycyn
7%
mazowieckie ostrołęcki 8265 gmina Goworowo
7%
mazowieckie sierpecki 5947 gmina Gozdowo
7%
podlaskie białostocki 10047 gmina Grabówka
7%
podlaskie kolneński 3386 gmina Grabowo
7%
mazowieckie węgrowski 4447 gmina Grębków
7%
warmińsko-mazurskie nowomiejski 6264 gmina Grodziczno
7%
wielkopolskie grodziski 20107 gmina Grodzisk Wielkopolski
7%
małopolskie tarnowski 8947 gmina Gromnik
7%
mazowieckie ciechanowski 3560 gmina Grudusk
7%
warmińsko-mazurskie ostródzki 5592 gmina Grunwald
7%
kujawsko-pomorskie grudziądzki 6415 gmina Gruta
7%
mazowieckie miński 16417 gmina Halinów
7%
podkarpackie niżański 6069 gmina Harasiuki
7%
śląskie cieszyński 10914 gmina Hażlach
7%
śląskie lubliniecki 6793 gmina Herby
7%
lubelskie hrubieszowski 5077 gmina Horodło
7%
mazowieckie łosicki 2803 gmina Huszlew
7%
łódzkie tomaszowski 3814 gmina Inowłódz
7%
zachodniopomorskie stargardzki 3339 gmina Ińsko
7%
małopolskie krakowski 9183 gmina Iwanowice
7%
podkarpackie ropczycko-sędziszowski 7747 gmina Iwierzyce
7%
małopolskie brzeski 6490 gmina Iwkowa
7%
opolskie strzelecki 5401 gmina Izbicko
7%
kujawsko-pomorskie brodnicki 8855 gmina Jabłonowo Pomorskie
7%
mazowieckie wołomiński 7456 gmina Jadów
7%
mazowieckie grodziski 12519 gmina Jaktorów
7%
dolnośląskie karkonoski 4275 gmina Janowice Wielkie
7%
warmińsko-mazurskie nidzicki 3184 gmina Janowiec Kościelny
7%
kujawsko-pomorskie żniński 8955 gmina Janowiec Wielkopolski
7%
śląskie bielski 24491 gmina Jasienica
7%
mazowieckie grójecki 5371 gmina Jasieniec
7%
lubelskie lubelski 14275 gmina Jastków
7%
wielkopolskie złotowski 11463 gmina Jastrowie
7%
mazowieckie szydłowiecki 5178 gmina Jastrząb
7%
podkarpackie przeworski 4440 gmina Jawornik Polski
7%
mazowieckie radomski 14552 gmina Jedlińsk
7%
dolnośląskie górowski 2971 gmina Jemielno
7%
dolnośląskie głogowski 5269 gmina Jerzmanowa
7%
warmińsko-mazurskie olsztyński 7638 gmina Jeziorany
7%
lubelskie lubartowski 2758 gmina Jeziorzany
7%
dolnośląskie karkonoski 7477 gmina Jeżów Sudecki
7%
podkarpackie dębicki 5354 gmina Jodłowa
7%
lubelskie opolski 6480 gmina Józefów nad Wisłą
7%
wielkopolskie rawicki 7051 gmina Jutrosin
7%
wielkopolskie pilski 7840 gmina Kaczory
7%
mazowieckie ostrołęcki 11330 gmina Kadzidło
7%
zachodniopomorskie drawski 7359 gmina Kalisz Pomorski
7%
mazowieckie miński 5805 gmina Kałuszyn
7%
małopolskie wadowicki 20046 gmina Kalwaria Zebrzydowska
7%
małopolskie limanowski 6042 gmina Kamienica
7%
dolnośląskie ząbkowicki 8055 gmina Kamieniec Ząbkowicki
7%
kujawsko-pomorskie sępoleński 6875 gmina Kamień Krajeński
7%
opolskie nyski 3424 gmina Kamiennik
7%
lubelskie lubartowski 6474 gmina Kamionka
7%
podkarpackie przeworski 12286 gmina Kańczuga
7%
mazowieckie otwocki 15903 gmina Karczew
7%
lubuskie zielonogórski 5812 gmina Kargowa
7%
mazowieckie makowski 5145 gmina Karniewo
7%
wielkopolskie turecki 5173 gmina Kawęczyn
7%
wielkopolskie koniński 11505 gmina Kazimierz Biskupi
7%
wielkopolskie szamotulski 8799 gmina Kaźmierz
7%
kujawsko-pomorskie nakielski 13272 gmina Kcynia
7%
pomorskie słupski 9003 gmina Kępice
7%
kujawsko-pomorskie chełmiński 4528 gmina Kijewo Królewskie
7%
małopolskie wielicki 10814 gmina Kłaj
7%
wielkopolskie koniński 9928 gmina Kleczew
7%
wielkopolskie poznański 9104 gmina Kleszczewo
7%
małopolskie olkuski 14931 gmina Klucze
7%
mazowieckie przysuski 3366 gmina Klwów
7%
podlaskie moniecki 4729 gmina Knyszyn
7%
śląskie pszczyński 4923 gmina Kobiór
7%
wielkopolskie ostrzeszowski 6138 gmina Kobyla Góra
7%
wielkopolskie krotoszyński 8079 gmina Kobylin
7%
podlaskie zambrowski 2281 gmina Kołaki Kościelne
7%
zachodniopomorskie policki 13609 gmina Kołbaskowo
7%
mazowieckie otwocki 8224 gmina Kołbiel
7%
pomorskie gdański 17979 gmina Kolbudy
7%
podkarpackie sanocki 4499 gmina Komańcza
7%
lubelskie radzyński 4151 gmina Komarówka Podlaska
7%
opolskie opolski 9145 gmina Komprachcice
7%
pomorskie chojnicki 2309 gmina Konarzyny
7%
śląskie częstochowski 9358 gmina Koniecpol
7%
śląskie częstochowski 10713 gmina Konopiska
7%
lubelskie lubelski 14167 gmina Konopnica
7%
łódzkie wieluński 3746 gmina Konopnica
7%
lubelskie bialski 4085 gmina Konstantynów
7%
świętokrzyskie sandomierski 6591 gmina Koprzywnica
7%
mazowieckie siedlecki 2590 gmina Korczew
7%
kujawsko-pomorskie bydgoski 24055 gmina Koronowo
7%
mazowieckie węgrowski 6189 gmina Korytnica
7%
wielkopolskie kolski 6869 gmina Kościelec
7%
dolnośląskie średzki 7110 gmina Kostomłoty
7%
małopolskie proszowicki 5439 gmina Koszyce
7%
dolnośląskie głogowski 4458 gmina Kotla
7%
mazowieckie siedlecki 8474 gmina Kotuń
7%
łódzkie skierniewicki 2886 gmina Kowiesy
7%
wielkopolskie krotoszyński 13190 gmina Koźmin Wielkopolski
7%
lubuskie nowosolski 15868 gmina Kożuchów
7%
śląskie bielski 13084 gmina Kozy
7%
wielkopolskie koniński 11290 gmina Kramsk
7%
podkarpackie przemyski 5172 gmina Krasiczyn
7%
lubelskie krasnostawski 3612 gmina Kraśniczyn
7%
podlaskie sejneński 3774 gmina Krasnopol
7%
wielkopolskie gostyński 12968 gmina Krobia
7%
małopolskie nowotarski 6780 gmina Krościenko nad Dunajcem
7%
podkarpackie krośnieński 5608 gmina Krościenko Wyżne
7%
dolnośląskie milicki 8106 gmina Krośnice
7%
łódzkie kutnowski 8295 gmina Krośniewice
7%
dolnośląskie legnicki 3322 gmina Krotoszyce
7%
śląskie tarnogórski 3171 gmina Krupski Młyn
7%
podlaskie sokólski 3002 gmina Krynki
7%
podlaskie moniecki 3975 gmina Krypno
7%
śląskie raciborski 5721 gmina Krzanowice
7%
śląskie kłobucki 9070 gmina Krzepice
7%
podkarpackie niżański 4246 gmina Krzeszów
7%
małopolskie krakowski 32161 gmina Krzeszowice
7%
lubuskie sulęciński 4713 gmina Krzeszyce
7%
wielkopolskie koniński 8127 gmina Krzymów
7%
lubelskie łukowski 10434 gmina Krzywda
7%
łódzkie kutnowski 4236 gmina Krzyżanów
7%
śląskie raciborski 11222 gmina Krzyżanowice
7%
wielkopolskie czarnkowsko-trzcianecki 8668 gmina Krzyż Wielkopolski
7%
świętokrzyskie ostrowiecki 9740 gmina Kunów
7%
warmińsko-mazurskie nowomiejski 9109 gmina Kurzętnik
7%
opolskie nyski 7431 gmina Łambinowice
7%
mazowieckie garwoliński 5472 gmina Łaskarzew
7%
podkarpackie jarosławski 6923 gmina Laszki
7%
mazowieckie miński 5389 gmina Latowicz
7%
lubelskie opolski 4870 gmina Łaziska
7%
dolnośląskie legnicki 5191 gmina Legnickie Pole
7%
mazowieckie ostrołęcki 9745 gmina Lelis
7%
mazowieckie nowodworski 5618 gmina Leoncin
7%
opolskie strzelecki 7540 gmina Leśnica
7%
opolskie brzeski 12907 gmina Lewin Brzeski
7%
dolnośląskie kłodzki 1930 gmina Lewin Kłodzki
7%
łódzkie radomszczański 4268 gmina Lgota Wielka
7%
małopolskie chrzanowski 22236 gmina Libiąż
7%
pomorskie wejherowski 6450 gmina Linia
7%
zachodniopomorskie pyrzycki 5809 gmina Lipiany
7%
śląskie kłobucki 6208 gmina Lipie
7%
wielkopolskie złotowski 5500 gmina Lipka
7%
małopolskie bocheński 5634 gmina Lipnica Murowana
7%
małopolskie nowotarski 6024 gmina Lipnica Wielka
7%
świętokrzyskie opatowski 5181 gmina Lipnik
7%
śląskie żywiecki 10875 gmina Lipowa
7%
mazowieckie mławski 4764 gmina Lipowiec Kościelny
7%
małopolskie krakowski 17483 gmina Liszki
7%
mazowieckie węgrowski 7330 gmina Liw
7%
mazowieckie węgrowski 17862 gmina Łochów
7%
lubelskie bialski 4875 gmina Łomazy
7%
lubelskie krasnostawski 3867 gmina Łopiennik Górny
7%
świętokrzyskie kielecki 8988 gmina Łopuszno
7%
małopolskie nowosądecki 11152 gmina Łososina Dolna
7%
kujawsko-pomorskie włocławski 4558 gmina Lubanie
7%
podkarpackie rzeszowski 6441 gmina Lubenia
7%
kujawsko-pomorskie toruński 7367 gmina Łubianka
7%
lubuskie sulęciński 3142 gmina Lubniewice
7%
łódzkie tomaszowski 7200 gmina Lubochnia
7%
śląskie wodzisławski 7902 gmina Lubomia
7%
mazowieckie żuromiński 6814 gmina Lubowidz
7%
kujawsko-pomorskie włocławski 9382 gmina Lubraniec
7%
lubuskie żarski 18319 gmina Lubsko
7%
opolskie brzeski 8999 gmina Lubsza
7%
małopolskie limanowski 10109 gmina Łukowica
7%
warmińsko-mazurskie ostródzki 4445 gmina Łukta
7%
mazowieckie żuromiński 4217 gmina Lutocin
7%
łódzkie pabianicki 8691 gmina Lutomiersk
7%
mazowieckie ostrołęcki 8373 gmina Łyse
7%
śląskie rybnicki 9671 gmina Lyski
7%
dolnośląskie średzki 5938 gmina Malczyce
7%
warmińsko-mazurskie ostródzki 6245 gmina Małdyty
7%
zachodniopomorskie sławieński 6239 gmina Malechowo
7%
dolnośląskie świdnicki 6533 gmina Marcinowice
7%
podkarpackie łańcucki 6483 gmina Markowa
7%
łódzkie radomszczański 4142 gmina Masłowice
7%
dolnośląskie jaworski 5006 gmina Męcinka
7%
lubelskie zamojski 5669 gmina Miączyn
7%
mazowieckie garwoliński 4862 gmina Miastków Kościelny
7%
podlaskie białostocki 6536 gmina Michałowo
7%
świętokrzyskie kielecki 11654 gmina Miedziana Góra
7%
mazowieckie węgrowski 3806 gmina Miedzna
7%
śląskie pszczyński 16600 gmina Miedźna
7%
zachodniopomorskie kamieński 6424 gmina Międzyzdroje
7%
podkarpackie krośnieński 13695 gmina Miejsce Piastowe
7%
wielkopolskie rawicki 9222 gmina Miejska Górka
7%
dolnośląskie średzki 17333 gmina Miękinia
7%
śląskie będziński 7622 gmina Mierzęcice
7%
lubelskie parczewski 3745 gmina Milanów
7%
dolnośląskie legnicki 6802 gmina Miłkowice
7%
warmińsko-mazurskie ostródzki 4894 gmina Miłomłyn
7%
śląskie żywiecki 10064 gmina Milówka
7%
lubelskie hrubieszowski 6953 gmina Mircze
7%
mazowieckie makowski 1732 gmina Młynarze
7%
świętokrzyskie kielecki 9341 gmina Mniów
7%
mazowieckie sierpecki 5962 gmina Mochowo
7%
lubelskie janowski 6932 gmina Modliborzyce
7%
mazowieckie siedlecki 4933 gmina Mokobody
7%
kujawsko-pomorskie nakielski 9220 gmina Mrocza
7%
mazowieckie miński 8713 gmina Mrozy
7%
dolnośląskie jaworski 4041 gmina Mściwojów
7%
śląskie częstochowski 10840 gmina Mstów
7%
śląskie wodzisławski 7693 gmina Mszana
7%
małopolskie limanowski 17595 gmina Mszana Dolna
7%
mazowieckie żyrardowski 11512 gmina Mszczonów
7%
wielkopolskie poznański 16922 gmina Murowana Goślina
7%
śląskie częstochowski 15144 gmina Mykanów
7%
dolnośląskie karkonoski 10142 gmina Mysłakowice
7%
mazowieckie ostrołęcki 10414 gmina Myszyniec
7%
mazowieckie pruszkowski 14215 gmina Nadarzyn
7%
lubelskie puławski 8928 gmina Nałęczów
7%
podlaskie hajnowski 3569 gmina Narewka
7%
podkarpackie lubaczowski 7930 gmina Narol
7%
mazowieckie płoński 6295 gmina Naruszewo
7%
śląskie raciborski 7462 gmina Nędza
7%
wielkopolskie wrzesiński 7577 gmina Nekla
7%
dolnośląskie górowski 4829 gmina Niechlów
7%
małopolskie limanowski 7358 gmina Niedźwiedź
7%
lubuskie żagański 4331 gmina Niegosławice
7%
małopolskie wielicki 29386 gmina Niepołomice
7%
mazowieckie legionowski 14748 gmina Nieporęt
7%
małopolskie proszowicki 5693 gmina Nowe Brzesko
7%
mazowieckie grójecki 7636 gmina Nowe Miasto nad Pilicą
7%
wielkopolskie średzki 9032 gmina Nowe Miasto nad Wartą
7%
łódzkie kutnowski 3414 gmina Nowe Ostrowy
7%
zachodniopomorskie policki 1626 gmina Nowe Warpno
7%
świętokrzyskie kielecki 7919 gmina Nowiny
7%
lubelskie rycki 4064 gmina Nowodwór
7%
zachodniopomorskie goleniowski 24600 gmina Nowogard
7%
lubuskie zielonogórski 9415 gmina Nowogród Bobrzański
7%
zachodniopomorskie myśliborski 3345 gmina Nowogródek Pomorski
7%
łódzkie łódzki wschodni 5123 gmina Nowosolna
7%
pomorskie malborski 7617 gmina Nowy Staw
7%
małopolskie bocheński 14230 gmina Nowy Wiśnicz
7%
mazowieckie ostrowski 2651 gmina Nur
7%
świętokrzyskie sandomierski 6358 gmina Obrazów
7%
małopolskie nowotarski 8513 gmina Ochotnica Dolna
7%
wielkopolskie ostrowski 14683 gmina Odolanów
7%
mazowieckie przysuski 3723 gmina Odrzywół
7%
śląskie zawierciański 9046 gmina Ogrodzieniec
7%
mazowieckie ciechanowski 4296 gmina Ojrzeń
7%
wielkopolskie złotowski 8446 gmina Okonek
7%
mazowieckie łosicki 2929 gmina Olszanka
7%
opolskie brzeski 4901 gmina Olszanka
7%
wielkopolskie kaliski 10808 gmina Opatówek
7%
świętokrzyskie kazimierski 3265 gmina Opatowiec
7%
mazowieckie ciechanowski 5941 gmina Opinogóra Górna
7%
podlaskie bielski 2669 gmina Orla
7%
mazowieckie szydłowiecki 5959 gmina Orońsko
7%
warmińsko-mazurskie piski 8827 gmina Orzysz
7%
kujawsko-pomorskie radziejowski 7572 gmina Osięciny
7%
dolnośląskie bolesławiecki 7364 gmina Osiecznica
7%
zachodniopomorskie goleniowski 3037 gmina Osina
7%
łódzkie wieluński 4733 gmina Osjaków
7%
lubuskie słubicki 6364 gmina Ośno Lubuskie
7%
opolskie nyski 13440 gmina Otmuchów
7%
lubuskie nowosolski 7028 gmina Otyń
7%
śląskie tarnogórski 5820 gmina Ożarowice
7%
łódzkie zgierski 7044 gmina Ozorków
7%
opolskie nyski 12482 gmina Paczków
7%
opolskie nyski 3481 gmina Pakosławice
7%
śląskie kłobucki 5035 gmina Panki
7%
kujawsko-pomorskie chełmiński 4336 gmina Papowo Biskupie
7%
mazowieckie siedlecki 2545 gmina Paprotnia
7%
łódzkie zgierski 5157 gmina Parzęczew
7%
warmińsko-mazurskie elbląski 19236 gmina Pasłęk
7%
dolnośląskie jaworski 3998 gmina Paszowice
7%
opolskie kędzierzyńsko-kozielski 7382 gmina Pawłowiczki
7%
małopolskie myślenicki 11119 gmina Pcim
7%
dolnośląskie głogowski 2241 gmina Pęcław
7%
zachodniopomorskie choszczeński 7743 gmina Pełczyce
7%
pomorskie tczewski 16101 gmina Pelplin
7%
wielkopolskie gostyński 5948 gmina Pępowo
7%
świętokrzyskie kielecki 16477 gmina Piekoszów
7%
dolnośląskie złotoryjski 4538 gmina Pielgrzymka
7%
świętokrzyskie kielecki 4692 gmina Pierzchnica
7%
śląskie gliwicki 12088 gmina Pilchowice
7%
lubelskie bialski 7168 gmina Piszczac
7%
podlaskie augustowski 2571 gmina Płaska
7%
mazowieckie łosicki 4831 gmina Platerów
7%
dolnośląskie lubański 1621 gmina Platerówka
7%
zachodniopomorskie gryficki 8758 gmina Płoty
7%
kujawsko-pomorskie wąbrzeski 4767 gmina Płużnica
7%
wielkopolskie poznański 19886 gmina Pobiedziska
7%
śląskie częstochowski 12690 gmina Poczesna
7%
łódzkie poddębicki 15432 gmina Poddębice
7%
lubelskie parczewski 1616 gmina Podedwórze
7%
wielkopolskie gostyński 4910 gmina Pogorzela
7%
opolskie namysłowski 5161 gmina Pokój
7%
świętokrzyskie staszowski 11711 gmina Połaniec
7%
opolskie kędzierzyńsko-kozielski 4003 gmina Polska Cerekiew
7%
mazowieckie nowodworski 9092 gmina Pomiechówek
7%
lubelskie opolski 14094 gmina Poniatowa
7%
wielkopolskie gostyński 7738 gmina Poniec
7%
opolskie opolski 7999 gmina Popielów
7%
śląskie kłobucki 5858 gmina Popów
7%
łódzkie opoczyński 3115 gmina Poświętne
7%
mazowieckie wołomiński 6247 gmina Poświętne
7%
podlaskie białostocki 3360 gmina Poświętne
7%
pomorskie słupski 6854 gmina Potęgowo
7%
pomorskie kwidzyński 13043 gmina Prabuty
7%
opolskie oleski 13448 gmina Praszka
7%
dolnośląskie legnicki 7376 gmina Prochowice
7%
podkarpackie jarosławski 9657 gmina Pruchnik
7%
podkarpackie mielecki 12022 gmina Przecław
7%
zachodniopomorskie pyrzycki 5114 gmina Przelewice
7%
dolnośląskie polkowicki 8308 gmina Przemków
7%
mazowieckie siedlecki 3156 gmina Przesmyki
7%
dolnośląskie strzeliński 4734 gmina Przeworno
7%
zachodniopomorskie goleniowski 4998 gmina Przybiernów
7%
śląskie częstochowski 3739 gmina Przyrów
7%
lubuskie międzyrzecki 5609 gmina Przytoczna
7%
mazowieckie radomski 7300 gmina Przytyk
7%
śląskie będziński 12253 gmina Psary
7%
pomorskie gdański 9758 gmina Pszczółki
7%
warmińsko-mazurskie olsztyński 8720 gmina Purda
7%
wielkopolskie wrzesiński 6919 gmina Pyzdry
7%
małopolskie nowotarski 14784 gmina Raba Wyżna
7%
kujawsko-pomorskie aleksandrowski 3134 gmina Raciążek
7%
podlaskie suwalski 5884 gmina Raczki
7%
małopolskie dąbrowski 7438 gmina Radgoszcz
7%
kujawsko-pomorskie golubsko-dobrzyński 3824 gmina Radomin
7%
zachodniopomorskie łobeski 3566 gmina Radowo Małe
7%
dolnośląskie polkowicki 4854 gmina Radwanice
7%
mazowieckie białobrzeski 3888 gmina Radzanów
7%
mazowieckie mławski 3243 gmina Radzanów
7%
mazowieckie płocki 8523 gmina Radzanowo
7%
podkarpackie łańcucki 7370 gmina Rakszawa
7%
wielkopolskie ostrowski 11872 gmina Raszków
7%
zachodniopomorskie choszczeński 5431 gmina Recz
7%
łódzkie piotrkowski 3522 gmina Ręczno
7%
śląskie częstochowski 9900 gmina Rędziny
7%
mazowieckie ciechanowski 4980 gmina Regimin
7%
lubelskie chełmski 6328 gmina Rejowiec
7%
lubelskie chełmski 4225 gmina Rejowiec Fabryczny
7%
opolskie kędzierzyńsko-kozielski 8282 gmina Reńska Wieś
7%
mazowieckie sokołowski 5140 gmina Repki
7%
zachodniopomorskie łobeski 7941 gmina Resko
7%
kujawsko-pomorskie rypiński 4748 gmina Rogowo
7%
kujawsko-pomorskie żniński 6805 gmina Rogowo
7%
kujawsko-pomorskie inowrocławski 4717 gmina Rojewo
7%
łódzkie tomaszowski 6157 gmina Rokiciny
7%
podkarpackie jarosławski 4331 gmina Rokietnica
7%
wielkopolskie poznański 18973 gmina Rokietnica
7%
mazowieckie sierpecki 4111 gmina Rościszewo
7%
mazowieckie makowski 4414 gmina Różan
7%
wielkopolskie krotoszyński 5180 gmina Rozdrażew
7%
warmińsko-mazurskie szczycieński 5509 gmina Rozogi
7%
świętokrzyskie konecki 3057 gmina Ruda Maleniecka
7%
podlaskie bielski 1852 gmina Rudka
7%
dolnośląskie legnicki 2578 gmina Ruja
7%
podlaskie zambrowski 5485 gmina Rutki
7%
lubelskie świdnicki 3353 gmina Rybczewice
7%
pomorskie kwidzyński 5819 gmina Ryjewo
7%
zachodniopomorskie kołobrzeski 3922 gmina Rymań
7%
podkarpackie krośnieński 15910 gmina Rymanów
7%
kujawsko-pomorskie wąbrzeski 8579 gmina Ryńsk
7%
mazowieckie lipski 4331 gmina Rzeczniów
7%
łódzkie tomaszowski 4629 gmina Rzeczyca
7%
mazowieckie ostrołęcki 10897 gmina Rzekuń
7%
lubuskie słubicki 9701 gmina Rzepin
7%
mazowieckie węgrowski 5810 gmina Sadowne
7%
mazowieckie łosicki 4628 gmina Sarnaki
7%
dolnośląskie lubiński 9842 gmina Ścinawa
7%
świętokrzyskie włoszczowski 4783 gmina Secemin
7%
warmińsko-mazurskie bartoszycki 6139 gmina Sępopol
7%
mazowieckie legionowski 15278 gmina Serock
7%
zachodniopomorskie koszaliński 13856 gmina Sianów
7%
kujawsko-pomorskie bydgoski 10266 gmina Sicienko
7%
podlaskie sokólski 3380 gmina Sidra
7%
mazowieckie kozienicki 3883 gmina Sieciechów
7%
lubuskie nowosolski 3567 gmina Siedlisko
7%
lubelskie chełmski 6818 gmina Siedliszcze
7%
mazowieckie żuromiński 3439 gmina Siemiątkowo
7%
zachodniopomorskie kołobrzeski 3856 gmina Siemyśl
7%
małopolskie myślenicki 9044 gmina Siepraw
7%
lubelskie zamojski 6696 gmina Sitno
7%
małopolskie krakowski 10597 gmina Skała
7%
świętokrzyskie kazimierski 6440 gmina Skalbmierz
7%
opolskie brzeski 8303 gmina Skarbimierz
7%
kujawsko-pomorskie lipnowski 7497 gmina Skępe
7%
opolskie nyski 6180 gmina Skoroszyce
7%
mazowieckie siedlecki 7900 gmina Skórzec
7%
kujawsko-pomorskie rypiński 5846 gmina Skrwilno
7%
lubuskie międzyrzecki 12028 gmina Skwierzyna
7%
małopolskie miechowski 3514 gmina Słaboszów
7%
wielkopolskie koniński 14062 gmina Ślesin
7%
kujawsko-pomorskie tucholski 5596 gmina Śliwice
7%
wielkopolskie słupecki 9284 gmina Słupca
7%
łódzkie skierniewicki 2603 gmina Słupia
7%
świętokrzyskie jędrzejowski 4276 gmina Słupia
7%
mazowieckie płocki 8068 gmina Słupno
7%
pomorskie słupski 3380 gmina Smołdzino
7%
świętokrzyskie jędrzejowski 8478 gmina Sobków
7%
mazowieckie płoński 5781 gmina Sochocin
7%
mazowieckie lipski 4872 gmina Solec nad Wisłą
7%
wielkopolskie koniński 10367 gmina Sompolno
7%
mazowieckie ciechanowski 7727 gmina Sońsk
7%
lubelskie łęczyński 5759 gmina Spiczyn
7%
warmińsko-mazurskie kętrzyński 3724 gmina Srokowo
7%
lubelskie łukowski 9716 gmina Stanin
7%
mazowieckie miński 6795 gmina Stanisławów
7%
świętokrzyskie konecki 16597 gmina Stąporków
7%
dolnośląskie karkonoski 5242 gmina Stara Kamienica
7%
mazowieckie łosicki 4716 gmina Stara Kornica
7%
śląskie częstochowski 2841 gmina Starcza
7%
mazowieckie warszawski zachodni 19476 gmina Stare Babice
7%
dolnośląskie wałbrzyski 4287 gmina Stare Bogaczowice
7%
lubuskie strzelecko-drezdenecki 4058 gmina Stare Kurowo
7%
wielkopolskie koniński 12467 gmina Stare Miasto
7%
pomorskie malborski 4710 gmina Stare Pole
7%
mazowieckie płocki 7181 gmina Staroźreby
7%
lubelskie włodawski 2089 gmina Stary Brus
7%
mazowieckie ostrowski 3695 gmina Stary Lubotyń
7%
małopolskie nowosądecki 23782 gmina Stary Sącz
7%
warmińsko-mazurskie olsztyński 10929 gmina Stawiguda
7%
zachodniopomorskie goleniowski 4873 gmina Stepnica
7%
wielkopolskie poznański 15148 gmina Stęszew
7%
lubelskie rycki 5114 gmina Stężyca
7%
pomorskie kartuski 10719 gmina Stężyca
7%
mazowieckie węgrowski 4952 gmina Stoczek
7%
lubelskie łukowski 7770 gmina Stoczek Łukowski
7%
świętokrzyskie buski 7589 gmina Stopnica
7%
dolnośląskie kłodzki 7446 gmina Stronie Śląskie
7%
łódzkie zgierski 12746 gmina Stryków
7%
mazowieckie mławski 7444 gmina Strzegowo
7%
lubelskie lubelski 8131 gmina Strzyżewice
7%
świętokrzyskie skarżyski 10068 gmina Suchedniów
7%
podlaskie sokólski 6833 gmina Suchowola
7%
mazowieckie siedlecki 4677 gmina Suchożebry
7%
pomorskie gdański 4258 gmina Suchy Dąb
7%
lubuskie zielonogórski 26599 gmina Sulechów
7%
dolnośląskie zgorzelecki 6000 gmina Sulików
7%
lubelskie zamojski 4448 gmina Sułów
7%
lubelskie tomaszowski 7412 gmina Susiec
7%
warmińsko-mazurskie iławski 12687 gmina Susz
7%
śląskie pszczyński 12387 gmina Suszec
7%
wielkopolskie poznański 51929 gmina Swarzędz
7%
warmińsko-mazurskie olsztyński 4002 gmina Świątki
7%
małopolskie krakowski 10254 gmina Świątniki Górne
7%
kujawsko-pomorskie świecki 3636 gmina Świekatowo
7%
opolskie namysłowski 3317 gmina Świerczów
7%
zachodniopomorskie kamieński 4223 gmina Świerzno
7%
podkarpackie rzeszowski 16263 gmina Świlcza
7%
łódzkie łęczycki 3891 gmina Świnice Warckie
7%
śląskie żywiecki 8083 gmina Świnna
7%
małopolskie nowotarski 11122 gmina Szaflary
7%
lubuskie świebodziński 3829 gmina Szczaniec
7%
małopolskie nowotarski 7174 gmina Szczawnica
7%
lubelskie zamojski 11106 gmina Szczebrzeszyn
7%
łódzkie bełchatowski 8235 gmina Szczerców
7%
małopolskie brzeski 9449 gmina Szczurowa
7%
pomorskie wejherowski 18452 gmina Szemud
7%
podlaskie wysokomazowiecki 6862 gmina Szepietowo
7%
mazowieckie ostrowski 1637 gmina Szulborze Wielkie
7%
mazowieckie mławski 4557 gmina Szydłowo
7%
wielkopolskie pilski 9278 gmina Szydłowo
7%
mazowieckie piaseczyński 11567 gmina Tarczyn
7%
lubelskie tomaszowski 3898 gmina Tarnawatka
7%
wielkopolskie poznański 28544 gmina Tarnowo Podgórne
7%
lubelskie tomaszowski 3874 gmina Telatyn
7%
małopolskie myślenicki 8861 gmina Tokarnia
7%
warmińsko-mazurskie elbląski 6561 gmina Tolkmicko
7%
małopolskie wadowicki 8205 gmina Tomice
7%
mazowieckie garwoliński 7278 gmina Trojanów
7%
mazowieckie ostrołęcki 4754 gmina Troszyn
7%
wielkopolskie kępiński 4949 gmina Trzcinica
7%
lubuskie żarski 5678 gmina Trzebiel
7%
lubelskie łukowski 7332 gmina Trzebieszów
7%
podkarpackie rzeszowski 22461 gmina Trzebownisko
7%
lubelskie hrubieszowski 4090 gmina Trzeszczany
7%
małopolskie tarnowski 17891 gmina Tuchów
7%
lubelskie bialski 2973 gmina Tuczna
7%
lubuskie żarski 3027 gmina Tuplice
7%
opolskie opolski 10057 gmina Turawa
7%
śląskie tarnogórski 8308 gmina Tworóg
7%
zachodniopomorskie białogardzki 6720 gmina Tychowo
7%
podkarpackie rzeszowski 10559 gmina Tyczyn
7%
małopolskie limanowski 6580 gmina Tymbark
7%
lubelskie tomaszowski 5477 gmina Tyszowce
7%
podkarpackie niżański 8242 gmina Ulanów
7%
lubelskie tomaszowski 4465 gmina Ulhówek
7%
łódzkie poddębicki 6999 gmina Uniejów
7%
lubelskie kraśnicki 8557 gmina Urzędów
7%
małopolskie gorlicki 6863 gmina Uście Gorlickie
7%
zachodniopomorskie kołobrzeski 3671 gmina Ustronie Morskie
7%
podkarpackie mielecki 7739 gmina Wadowice Górne
7%
opolskie krapkowicki 5397 gmina Walce
7%
kujawsko-pomorskie rypiński 3966 gmina Wąpielsk
7%
kujawsko-pomorskie świecki 6494 gmina Warlubie
7%
dolnośląskie bolesławiecki 8634 gmina Warta Bolesławiecka
7%
mazowieckie ostrowski 4264 gmina Wąsewo
7%
dolnośląskie górowski 7103 gmina Wąsosz
7%
podlaskie grajewski 3584 gmina Wąsosz
7%
lubelskie puławski 4607 gmina Wąwolnica
7%
śląskie żywiecki 15011 gmina Węgierska Górka
7%
dolnośląskie zgorzelecki 8233 gmina Węgliniec
7%
mazowieckie otwocki 13242 gmina Wiązowna
7%
podkarpackie jarosławski 11712 gmina Wiązownica
7%
pomorskie lęborski 6025 gmina Wicko
7%
łódzkie łaski 7279 gmina Widawa
7%
kujawsko-pomorskie sępoleński 13340 gmina Więcbork
7%
mazowieckie mławski 4031 gmina Wieczfnia Kościelna
7%
warmińsko-mazurskie szczycieński 6446 gmina Wielbark
7%
mazowieckie legionowski 15628 gmina Wieliszew
7%
podkarpackie lubaczowski 3797 gmina Wielkie Oczy
7%
podkarpackie ropczycko-sędziszowski 8116 gmina Wielopole Skrzyńskie
7%
mazowieckie przysuski 5272 gmina Wieniawa
7%
mazowieckie węgrowski 2719 gmina Wierzbno
7%
małopolskie tarnowski 10842 gmina Wierzchosławice
7%
małopolskie tarnowski 3942 gmina Wietrzychowice
7%
śląskie bielski 17770 gmina Wilamowice
7%
świętokrzyskie sandomierski 3667 gmina Wilczyce
7%
wielkopolskie gnieźnieński 13586 gmina Witkowo
7%
łódzkie łęczycki 3223 gmina Witonia
7%
dolnośląskie lwówecki 4237 gmina Wleń
7%
śląskie zawierciański 5232 gmina Włodowice
7%
mazowieckie siedlecki 4378 gmina Wodynie
7%
podkarpackie krośnieński 9358 gmina Wojaszówka
7%
lubelskie łukowski 6831 gmina Wojcieszków
7%
małopolskie tarnowski 13397 gmina Wojnicz
7%
łódzkie piotrkowski 7875 gmina Wolbórz
7%
lubuskie żagański 2250 gmina Wymiarki
7%
mazowieckie białobrzeski 2764 gmina Wyśmierzyce
7%
podlaskie bielski 4321 gmina Wyszki
7%
mazowieckie płocki 5552 gmina Wyszogród
7%
podlaskie białostocki 9355 gmina Zabłudów
7%
dolnośląskie złotoryjski 5233 gmina Zagrodno
7%
małopolskie tarnowski 12492 gmina Zakliczyn
7%
mazowieckie nowodworski 5999 gmina Zakroczym
7%
mazowieckie płoński 5651 gmina Załuski
7%
mazowieckie ostrowski 3619 gmina Zaręby Kościelne
7%
łódzkie opoczyński 5868 gmina Żarnów
7%
dolnośląskie świdnicki 12342 gmina Żarów
7%
podkarpackie przeworski 7238 gmina Zarzecze
7%
opolskie strzelecki 11266 gmina Zawadzkie
7%
mazowieckie sierpecki 6550 gmina Zawidz
7%
wielkopolskie nowotomyski 13835 gmina Zbąszyń
7%
lubuskie świebodziński 8345 gmina Zbąszynek
7%
podlaskie łomżyński 4205 gmina Zbójna
7%
kujawsko-pomorskie golubsko-dobrzyński 4373 gmina Zbójno
7%
mazowieckie siedlecki 10112 gmina Zbuczyn
7%
opolskie krapkowicki 15648 gmina Zdzieszowice
7%
łódzkie bełchatowski 14959 gmina Zelów
7%
wielkopolskie jarociński 10232 gmina Żerków
7%
dolnośląskie ząbkowicki 16853 gmina Ziębice
7%
kujawsko-pomorskie toruński 14505 gmina Zławieś Wielka
7%
podkarpackie łańcucki 7017 gmina Żołynia
7%
pomorskie kartuski 41651 gmina Żukowo
7%
łódzkie kutnowski 11767 gmina Żychlin
7%
podkarpackie dębicki 14248 gmina Żyraków
7%
łódzkie radomszczański 5065 gmina Żytno
7%
lubuskie żagański 2980 Gozdnica
7%
śląskie bieruńsko-lędziński 9274 Imielin
7%
śląskie tarnogórski 8573 Kalety
7%
mazowieckie wołomiński 24883 Kobyłka
7%
łódzkie pabianicki 18270 Konstantynów Łódzki
7%
lubuskie gorzowski 17740 Kostrzyn nad Odrą
7%
mazowieckie garwoliński 4835 Łaskarzew
7%
śląskie mikołowski 22187 Łaziska Górne
7%
lubuskie żarski 2434 Łęknica
7%
mazowieckie grodziski 16464 Milanówek
7%
małopolskie limanowski 7900 Mszana Dolna
7%
warmińsko-mazurskie nowomiejski 10832 Nowe Miasto Lubawskie
7%
śląskie mikołowski 21221 Orzesze
7%
łódzkie zgierski 19260 Ozorków
7%
mazowieckie pruszkowski 22617 Piastów
7%
wielkopolskie poznański 9631 Puszczykowo
7%
śląskie tarnogórski 16906 Radzionków
7%
lubelskie chełmski 4355 Rejowiec Fabryczny
7%
śląskie wodzisławski 21525 Rydułtowy
7%
wielkopolskie słupecki 13619 Słupca
7%
lubelskie łukowski 2482 Stoczek Łukowski
7%
dolnośląskie złotoryjski 3626 Wojcieszów
7%
śląskie będziński 8925 Wojkowice
7%
dolnośląskie zgorzelecki 4154 Zawidów
7%
śląskie Bielsko-Biała 170303 Bielsko-Biała
0%
dolnośląskie wałbrzyski 15228 Boguszów-Gorce
0%
dolnośląskie kłodzki 4476 Duszniki-Zdrój
0%
łódzkie łódzki wschodni 14282 gmina Andrespol
0%
wielkopolskie kolski 7815 gmina Babiak
0%
świętokrzyskie opatowski 4864 gmina Baćkowice
0%
podlaskie suwalski 3098 gmina Bakałarzewo
0%
podkarpackie leski 3172 gmina Baligród
0%
świętokrzyskie ostrowiecki 3375 gmina Bałtów
0%
warmińsko-mazurskie gołdapski 3648 gmina Banie Mazurskie
0%
podkarpackie tarnobrzeski 11800 gmina Baranów Sandomierski
0%
warmińsko-mazurskie kętrzyński 6069 gmina Barciany
0%
podlaskie augustowski 5473 gmina Bargłów Kościelny
0%
kujawsko-pomorskie włocławski 3427 gmina Baruchowo
0%
łódzkie tomaszowski 3257 gmina Będków
0%
łódzkie kutnowski 5329 gmina Bedlno
0%
świętokrzyskie kazimierski 3974 gmina Bejsce
0%
mazowieckie grójecki 6451 gmina Belsk Duży
0%
podkarpackie sanocki 4509 gmina Besko
0%
łódzkie opoczyński 5754 gmina Białaczów
0%
wielkopolskie pilski 4823 gmina Białośliwie
0%
małopolskie gorlicki 16805 gmina Biecz
0%
łódzkie łowicki 5288 gmina Bielawy
0%
opolskie kędzierzyńsko-kozielski 7927 gmina Bierawa
0%
zachodniopomorskie choszczeński 4658 gmina Bierzwnik
0%
zachodniopomorskie koszaliński 7176 gmina Biesiekierz
0%
warmińsko-mazurskie bartoszycki 6241 gmina Bisztynek
0%
łódzkie sieradzki 14425 gmina Błaszki
0%
podkarpackie rzeszowski 10848 gmina Błażowa
0%
wielkopolskie kaliski 9947 gmina Blizanów
0%
mazowieckie warszawski zachodni 21602 gmina Błonie
0%
zachodniopomorskie koszaliński 8856 gmina Bobolice
0%
małopolskie gorlicki 9804 gmina Bobowa
0%
pomorskie starogardzki 3226 gmina Bobowo
0%
lubuskie krośnieński 3167 gmina Bobrowice
0%
kujawsko-pomorskie brodnicki 6336 gmina Bobrowo
0%
świętokrzyskie ostrowiecki 13296 gmina Bodzechów
0%
świętokrzyskie staszowski 7670 gmina Bogoria
0%
mazowieckie ostrowski 2577 gmina Boguty-Pianki
0%
zachodniopomorskie myśliborski 2831 gmina Boleszkowice
0%
łódzkie skierniewicki 4024 gmina Bolimów
0%
zachodniopomorskie szczecinecki 9893 gmina Borne Sulinowo
0%
śląskie lubliniecki 3431 gmina Boronów
0%
podkarpackie mielecki 5509 gmina Borowa
0%
pomorskie bytowski 3397 gmina Borzytuchom
0%
wielkopolskie kępiński 6107 gmina Bralin
0%
mazowieckie wyszkowski 8201 gmina Brańszczyk
0%
łódzkie sieradzki 4465 gmina Brąszewice
0%
warmińsko-mazurskie nowomiejski 8267 gmina Bratian
0%
śląskie cieszyński 11308 gmina Brenna
0%
łódzkie łódzki wschodni 6723 gmina Brójce
0%
zachodniopomorskie gryficki 3706 gmina Brojce
0%
mazowieckie płocki 8267 gmina Brudzeń Duży
0%
mazowieckie pruszkowski 26819 gmina Brwinów
0%
lubuskie żagański 3733 gmina Brzeźnica
0%
małopolskie wadowicki 10467 gmina Brzeźnica
0%
podkarpackie jasielski 6518 gmina Brzyska
0%
łódzkie łaski 5088 gmina Buczek
0%
śląskie bielski 11209 gmina Buczkowice
0%
warmińsko-mazurskie węgorzewski 2772 gmina Budry
0%
łódzkie tomaszowski 2156 gmina Budziszewice
0%
małopolskie suski 8954 gmina Budzów
0%
podkarpackie sanocki 5480 gmina Bukowsko
0%
mazowieckie płocki 5495 gmina Bulkowo
0%
świętokrzyskie buski 32180 gmina Busko-Zdrój
0%
małopolskie suski 6911 gmina Bystra-Sidzina
0%
wielkopolskie kaliski 4746 gmina Ceków-Kolonia
0%
mazowieckie sokołowski 2146 gmina Ceranów
0%
pomorskie lęborski 7577 gmina Cewice
0%
małopolskie miechowski 7395 gmina Charsznica
0%
łódzkie łowicki 2910 gmina Chąśno
0%
mazowieckie szydłowiecki 5901 gmina Chlewiska
0%
pomorskie kartuski 7828 gmina Chmielno
0%
zachodniopomorskie stargardzki 5797 gmina Chociwel
0%
wielkopolskie kolski 2991 gmina Chodów
0%
zachodniopomorskie gryfiński 13667 gmina Chojna
0%
podkarpackie krośnieński 13466 gmina Chorkówka
0%
podlaskie białostocki 15679 gmina Choroszcz
0%
kujawsko-pomorskie lipnowski 2869 gmina Chrostkowo
0%
wielkopolskie międzychodzki 3302 gmina Chrzypsko Wielkie
0%
śląskie cieszyński 9804 gmina Chybie
0%
łódzkie rawski 3939 gmina Cielądz
0%
dolnośląskie ząbkowicki 2971 gmina Ciepłowody
0%
małopolskie tarnowski 11205 gmina Ciężkowice
0%
opolskie kędzierzyńsko-kozielski 5567 gmina Cisek
0%
podkarpackie kolbuszowski 8086 gmina Cmolas
0%
wielkopolskie ostrzeszowski 2497 gmina Czajków
0%
pomorskie bytowski 5911 gmina Czarna Dąbrówka
0%
łódzkie piotrkowski 4145 gmina Czarnocin
0%
świętokrzyskie kazimierski 3741 gmina Czarnocin
0%
łódzkie wieluński 4516 gmina Czarnożyły
0%
łódzkie wieruszowski 3981 gmina Czastary
0%
małopolskie brzeski 9848 gmina Czchów
0%
śląskie bielski 45515 gmina Czechowice-Dziedzice
0%
lubelskie radzyński 4280 gmina Czemierniki
0%
podkarpackie mielecki 7077 gmina Czermin
0%
wielkopolskie pleszewski 4953 gmina Czermin
0%
dolnośląskie wrocławski 17102 gmina Czernica
0%
mazowieckie przasnyski 3779 gmina Czernice Borowe
0%
małopolskie krakowski 14727 gmina Czernichów
0%
śląskie żywiecki 6700 gmina Czernichów
0%
wielkopolskie gnieźnieński 7433 gmina Czerniejewo
0%
mazowieckie ostrołęcki 5083 gmina Czerwin
0%
mazowieckie płoński 7626 gmina Czerwińsk nad Wisłą
0%
śląskie rybnicki 42059 gmina Czerwionka-Leszczyny
0%
podkarpackie strzyżowski 11817 gmina Czudec
0%
podlaskie sokólski 11268 gmina Dąbrowa Białostocka
0%
łódzkie kutnowski 1883 gmina Dąbrowice
0%
warmińsko-mazurskie ostródzki 4278 gmina Dąbrówno
0%
świętokrzyskie kielecki 15884 gmina Daleszyce
0%
łódzkie poddębicki 3920 gmina Dalików
0%
wielkopolskie wągrowiecki 5306 gmina Damasławek
0%
pomorskie słupski 9498 gmina Dębnica Kaszubska
0%
pomorskie człuchowski 8949 gmina Debrzno
0%
mazowieckie wyszkowski 7765 gmina Długosiodło
0%
łódzkie pabianicki 4675 gmina Dłutów
0%
łódzkie brzeziński 4457 gmina Dmosin
0%
kujawsko-pomorskie bydgoski 11878 gmina Dobrcz
0%
warmińsko-mazurskie olsztyński 15810 gmina Dobre Miasto
0%
łódzkie pabianicki 7770 gmina Dobroń
0%
dolnośląskie oleśnicki 6863 gmina Dobroszyce
0%
łódzkie radomszczański 4499 gmina Dobryszyce
0%
zachodniopomorskie stargardzki 4774 gmina Dobrzany
0%
podlaskie białostocki 9547 gmina Dobrzyniewo Duże
0%
lubelskie hrubieszowski 5295 gmina Dołhobyczów
0%
zachodniopomorskie stargardzki 7743 gmina Dolice
0%
łódzkie łowicki 4638 gmina Domaniewice
0%
podkarpackie brzozowski 6077 gmina Domaradz
0%
opolskie namysłowski 3580 gmina Domaszowice
0%
wielkopolskie średzki 3114 gmina Dominowo
0%
wielkopolskie ostrzeszowski 5384 gmina Doruchów
0%
zachodniopomorskie choszczeński 5010 gmina Drawno
0%
mazowieckie płocki 7875 gmina Drobin
0%
podlaskie siemiatycki 6196 gmina Drohiczyn
0%
łódzkie bełchatowski 5239 gmina Drużbice
0%
małopolskie bocheński 6516 gmina Drwinia
0%
łódzkie opoczyński 10400 gmina Drzewica
0%
warmińsko-mazurskie gołdapski 2857 gmina Dubeninki
0%
podlaskie hajnowski 1470 gmina Dubicze Cerkiewne
0%
podkarpackie przemyski 9143 gmina Dubiecko
0%
zachodniopomorskie kołobrzeski 5582 gmina Dygowo
0%
podlaskie siemiatycki 2707 gmina Dziadkowice
0%
pomorskie kościerski 4410 gmina Dziemiany
0%
mazowieckie mławski 3049 gmina Dzierzgowo
0%
podkarpackie kolbuszowski 6489 gmina Dzikowiec
0%
warmińsko-mazurskie szczycieński 6459 gmina Dźwierzuty
0%
kujawsko-pomorskie włocławski 10158 gmina Fabianki
0%
świętokrzyskie konecki 4375 gmina Fałków
0%
podkarpackie przemyski 5450 gmina Fredropol
0%
podkarpackie strzyżowski 10353 gmina Frysztak
0%
łódzkie wieruszowski 6096 gmina Galewice
0%
mazowieckie kozienicki 5002 gmina Garbatka-Letnisko
0%
pomorskie kwidzyński 8401 gmina Gardeja
0%
śląskie rybnicki 9792 gmina Gaszowice
0%
podkarpackie mielecki 2722 gmina Gawłuszowice
0%
łódzkie radomszczański 6015 gmina Gidle
0%
śląskie żywiecki 6268 gmina Gilowice
0%
wielkopolskie pleszewski 4593 gmina Gizałki
0%
łódzkie skierniewicki 5699 gmina Głuchów
0%
pomorskie wejherowski 7463 gmina Gniewino
0%
śląskie pszczyński 6758 gmina Goczałkowice-Zdrój
0%
warmińsko-mazurskie elbląski 2984 gmina Godkowo
0%
łódzkie skierniewicki 2659 gmina Godzianów
0%
wielkopolskie kaliski 9642 gmina Godziesze Wielkie
0%
wielkopolskie wągrowiecki 8252 gmina Gołańcz
0%
zachodniopomorskie kamieński 5851 gmina Golczewo
0%
śląskie cieszyński 13178 gmina Goleszów
0%
kujawsko-pomorskie golubsko-dobrzyński 8799 gmina Golub-Dobrzyń
0%
wielkopolskie pleszewski 10789 gmina Gołuchów
0%
mazowieckie ciechanowski 3726 gmina Gołymin-Ośrodek
0%
łódzkie radomszczański 5853 gmina Gomunice
0%
podlaskie moniecki 4918 gmina Goniądz
0%
warmińsko-mazurskie bartoszycki 6791 gmina Górowo Iławeckie
0%
łódzkie piotrkowski 8483 gmina Gorzkowice
0%
zachodniopomorskie kołobrzeski 5122 gmina Gościno
0%
łódzkie sieradzki 5449 gmina Goszczanów
0%
mazowieckie grójecki 2967 gmina Goszczyn
0%
świętokrzyskie konecki 4565 gmina Gowarczów
0%
łódzkie piotrkowski 6061 gmina Grabica
0%
mazowieckie kozienicki 3911 gmina Grabów nad Pilicą
0%
wielkopolskie ostrzeszowski 7801 gmina Grabów nad Prosną
0%
wielkopolskie grodziski 5069 gmina Granowo
0%
dolnośląskie polkowicki 5430 gmina Grębocice
0%
małopolskie dąbrowski 3322 gmina Gręboszów
0%
podkarpackie tarnobrzeski 10017 gmina Grębów
0%
małopolskie nowosądecki 9253 gmina Gródek nad Dunajcem
0%
wielkopolskie koniński 5146 gmina Grodziec
0%
podkarpackie leżajski 8023 gmina Grodzisko Dolne
0%
warmińsko-mazurskie elbląski 5126 gmina Gronowo Elbląskie
0%
małopolskie nowosądecki 25605 gmina Grybów
0%
wielkopolskie kolski 5681 gmina Grzegorzew
0%
zachodniopomorskie szczecinecki 4651 gmina Grzmiąca
0%
mazowieckie pułtuski 3737 gmina Gzy
0%
podkarpackie brzozowski 9122 gmina Haczów
0%
podkarpackie lubaczowski 4614 gmina Horyniec-Zdrój
0%
małopolskie krakowski 7706 gmina Igołomia-Wawrzeńczyce
0%
warmińsko-mazurskie działdowski 7179 gmina Iłowo-Osada
0%
świętokrzyskie jędrzejowski 4318 gmina Imielno
0%
śląskie zawierciański 2583 gmina Irządze
0%
świętokrzyskie opatowski 6579 gmina Iwaniska
0%
podkarpackie krośnieński 10846 gmina Iwonicz-Zdrój
0%
mazowieckie warszawski zachodni 10591 gmina Izabelin
0%
mazowieckie sokołowski 4406 gmina Jabłonna Lacka
0%
kujawsko-pomorskie inowrocławski 13045 gmina Janikowo
0%
warmińsko-mazurskie nidzicki 2640 gmina Janowo
0%
wielkopolskie jarociński 8130 gmina Jaraczewo
0%
lubelskie tomaszowski 3352 gmina Jarczów
0%
podkarpackie brzozowski 7856 gmina Jasienica Rosielna
0%
podlaskie moniecki 2750 gmina Jasionówka
0%
podlaskie moniecki 4822 gmina Jaświły
0%
śląskie bielski 7437 gmina Jaworze
0%
dolnośląskie świdnicki 10235 gmina Jaworzyna Śląska
0%
podkarpackie krośnieński 15428 gmina Jedlicze
0%
mazowieckie radomski 12864 gmina Jedlnia-Letnisko
0%
mazowieckie przasnyski 7051 gmina Jednorożec
0%
podlaskie łomżyński 5279 gmina Jedwabne
0%
warmińsko-mazurskie szczycieński 3619 gmina Jedwabno
0%
dolnośląskie oławski 23298 gmina Jelcz-Laskowice
0%
śląskie żywiecki 13207 gmina Jeleśnia
0%
opolskie strzelecki 7240 gmina Jemielnica
0%
małopolskie krakowski 10960 gmina Jerzmanowice-Przeginia
0%
kujawsko-pomorskie mogileński 4844 gmina Jeziora Wielkie
0%
małopolskie limanowski 8701 gmina Jodłownik
0%
mazowieckie płoński 2674 gmina Joniec
0%
warmińsko-mazurskie olsztyński 7458 gmina Jonkowo
0%
podlaskie białostocki 16699 gmina Juchnowiec Kościelny
0%
warmińsko-mazurskie ełcki 6653 gmina Kalinowo
0%
pomorskie starogardzki 5407 gmina Kaliska
0%
śląskie częstochowski 5537 gmina Kamienica Polska
0%
małopolskie nowosądecki 10467 gmina Kamionka Wielka
0%
mazowieckie warszawski zachodni 4353 gmina Kampinos
0%
zachodniopomorskie białogardzki 9127 gmina Karlino
0%
zachodniopomorskie gryficki 3972 gmina Karnice
0%
pomorskie kościerski 6249 gmina Karsin
0%
mazowieckie zwoleński 4502 gmina Kazanów
0%
kujawsko-pomorskie tucholski 4495 gmina Kęsowo
0%
łódzkie pajęczański 3972 gmina Kiełczygłów
0%
łódzkie łowicki 3357 gmina Kiernozia
0%
kujawsko-pomorskie lipnowski 7078 gmina Kikół
0%
warmińsko-mazurskie iławski 5978 gmina Kisielice
0%
wielkopolskie gnieźnieński 5450 gmina Kiszkowo
0%
warmińsko-mazurskie lidzbarski 3293 gmina Kiwity
0%
wielkopolskie gnieźnieński 7449 gmina Kłecko
0%
mazowieckie wołomiński 10052 gmina Klembów
0%
podlaskie hajnowski 2440 gmina Kleszczele
0%
łódzkie bełchatowski 6370 gmina Kleszczów
0%
świętokrzyskie sandomierski 7997 gmina Klimontów
0%
śląskie częstochowski 13436 gmina Kłomnice
0%
łódzkie sieradzki 2876 gmina Klonowa
0%
świętokrzyskie włoszczowski 5186 gmina Kluczewsko
0%
łódzkie bełchatowski 4393 gmina Kluki
0%
podlaskie wysokomazowiecki 4322 gmina Klukowo
0%
łódzkie radomszczański 4426 gmina Kobiele Wielkie
0%
zachodniopomorskie stargardzki 5768 gmina Kobylanka
0%
podlaskie wysokomazowiecki 3173 gmina Kobylin-Borzymy
0%
śląskie lubliniecki 6949 gmina Kochanowice
0%
łódzkie łowicki 4207 gmina Kocierzew Południowy
0%
małopolskie krakowski 15863 gmina Kocmyrzów-Luborzyca
0%
pomorskie człuchowski 3331 gmina Koczała
0%
łódzkie radomszczański 4493 gmina Kodrąb
0%
wielkopolskie wrzesiński 5999 gmina Kołaczkowo
0%
podkarpackie jasielski 8937 gmina Kołaczyce
0%
pomorskie bytowski 4225 gmina Kołczygłowy
0%
opolskie strzelecki 5870 gmina Kolonowskie
0%
lubuskie nowosolski 3315 gmina Kolsko
0%
lubelskie zamojski 4920 gmina Komarów-Osada
0%
dolnośląskie strzeliński 4259 gmina Kondratowice
0%
małopolskie proszowicki 9023 gmina Koniusza
0%
lubelskie puławski 8774 gmina Końskowola
0%
mazowieckie piaseczyński 24697 gmina Konstancin-Jeziorna
0%
podkarpackie krośnieński 11178 gmina Korczyna
0%
opolskie nyski 8703 gmina Korfantów
0%
śląskie raciborski 5191 gmina Kornowac
0%
warmińsko-mazurskie kętrzyński 9615 gmina Korsze
0%
podlaskie sokólski 3184 gmina Korycin
0%
małopolskie nowosądecki 14524 gmina Korzenna
0%
mazowieckie sokołowski 5927 gmina Kosów Lacki
0%
śląskie żywiecki 2362 gmina Koszarawa
0%
śląskie lubliniecki 11795 gmina Koszęcin
0%
wielkopolskie jarociński 7421 gmina Kotlin
0%
warmińsko-mazurskie olecki 4931 gmina Kowale Oleckie
0%
warmińsko-mazurskie nidzicki 5957 gmina Kozłowo
0%
wielkopolskie kaliski 7564 gmina Koźminek
0%
wielkopolskie złotowski 7511 gmina Krajenka
0%
mazowieckie makowski 6329 gmina Krasnosielc
0%
świętokrzyskie włoszczowski 10595 gmina Krasocin
0%
wielkopolskie ostrzeszowski 3630 gmina Kraszewice
0%
podkarpackie jasielski 1857 gmina Krempna
0%
śląskie zawierciański 6289 gmina Kroczyce
0%
warmińsko-mazurskie giżycki 3122 gmina Kruklanki
0%
śląskie częstochowski 4804 gmina Kruszyna
0%
małopolskie nowosądecki 16640 gmina Krynica-Zdrój
0%
lubelskie tomaszowski 3208 gmina Krynice
0%
lubelskie lubelski 4329 gmina Krzczonów
0%
zachodniopomorskie choszczeński 3649 gmina Krzęcin
0%
wielkopolskie leszczyński 8286 gmina Krzemieniewo
0%
wielkopolskie średzki 7153 gmina Krzykosy
0%
mazowieckie przasnyski 3427 gmina Krzynowłoga Mała
0%
podkarpackie przemyski 4815 gmina Krzywcza
0%
wielkopolskie kościański 9996 gmina Krzywiń
0%
łódzkie pabianicki 7670 gmina Ksawerów
0%
wielkopolskie śremski 8470 gmina Książ Wielkopolski
0%
mazowieckie żuromiński 4691 gmina Kuczbork-Osada
0%
podlaskie wysokomazowiecki 3067 gmina Kulesze Kościelne
0%
podkarpackie leżajski 5696 gmina Kuryłówka
0%
wielkopolskie nowotomyski 5498 gmina Kuślin
0%
śląskie raciborski 11731 gmina Kuźnia Raciborska
0%
wielkopolskie międzychodzki 6337 gmina Kwilcz
0%
kujawsko-pomorskie żniński 10263 gmina Łabiszyn
0%
małopolskie nowosądecki 6108 gmina Łabowa
0%
mazowieckie płocki 5407 gmina Łąck
0%
małopolskie nowosądecki 16570 gmina Łącko
0%
dolnośląskie kłodzki 8171 gmina Lądek-Zdrój
0%
łódzkie radomszczański 4754 gmina Ładzice
0%
małopolskie wadowicki 6227 gmina Lanckorona
0%
łódzkie kutnowski 2423 gmina Łanięta
0%
małopolskie bocheński 8197 gmina Łapanów
0%
małopolskie nowotarski 9386 gmina Łapsze Niżne
0%
małopolskie limanowski 8224 gmina Laskowa
0%
opolskie kluczborski 6791 gmina Lasowice Wielkie
0%
lubelskie tomaszowski 5935 gmina Łaszczów
0%
pomorskie wejherowski 12090 gmina Łęczyce
0%
wielkopolskie kępiński 5342 gmina Łęka Opatowska
0%
śląskie żywiecki 4548 gmina Łękawica
0%
łódzkie piotrkowski 3418 gmina Łęki Szlacheckie
0%
warmińsko-mazurskie braniewski 2794 gmina Lelkowo
0%
śląskie częstochowski 4792 gmina Lelów
0%
lubelskie chełmski 3561 gmina Leśniowice
0%
pomorskie malborski 4604 gmina Lichnowy
0%
pomorskie kościerski 4590 gmina Liniewo
0%
łódzkie skierniewicki 3289 gmina Lipce Reymontowskie
0%
pomorskie kościerski 3759 gmina Lipusz
0%
wielkopolskie kaliski 5178 gmina Lisków
0%
wielkopolskie pilski 9481 gmina Łobżenica
0%
śląskie żywiecki 14581 gmina Łodygowice
0%
mazowieckie warszawski zachodni 27432 gmina Łomianki
0%
świętokrzyskie sandomierski 7442 gmina Łoniów
0%
wielkopolskie czarnkowsko-trzcianecki 7715 gmina Lubasz
0%
pomorskie starogardzki 6674 gmina Lubichowo
0%
kujawsko-pomorskie tucholski 5976 gmina Lubiewo
0%
opolskie opolski 9912 gmina Łubniany
0%
łódzkie wieruszowski 4017 gmina Łubnice
0%
świętokrzyskie staszowski 4099 gmina Łubnice
0%
dolnośląskie lwówecki 6195 gmina Lubomierz
0%
warmińsko-mazurskie lidzbarski 3578 gmina Lubomino
0%
wielkopolskie gnieźnieński 6766 gmina Łubowo
0%
lubelskie tomaszowski 6146 gmina Lubycza Królewska
0%
lubelskie łęczyński 5657 gmina Ludwin
0%
łódzkie wieruszowski 4581 gmina Lututów
0%
pomorskie wejherowski 16675 gmina Luzino
0%
małopolskie gorlicki 8530 gmina Łużna
0%
łódzkie łowicki 6653 gmina Łyszkowice
0%
mazowieckie kozienicki 6727 gmina Magnuszew
0%
podkarpackie kolbuszowski 9802 gmina Majdan Królewski
0%
wielkopolskie turecki 6570 gmina Malanów
0%
mazowieckie ostrowski 11591 gmina Małkinia Górna
0%
świętokrzyskie jędrzejowski 11528 gmina Małogoszcz
0%
lubuskie żagański 5154 gmina Małomice
0%
podlaskie kolneński 4725 gmina Mały Płock
0%
zachodniopomorskie koszaliński 6950 gmina Manowo
0%
wielkopolskie chodzieski 6449 gmina Margonin
0%
zachodniopomorskie stargardzki 3102 gmina Marianowo
0%
śląskie wodzisławski 5408 gmina Marklowice
0%
warmińsko-mazurskie elbląski 4043 gmina Markusy
0%
lubelskie puławski 2946 gmina Markuszów
0%
lubelskie świdnicki 9983 gmina Mełgiew
0%
wielkopolskie pilski 3159 gmina Miasteczko Krajeńskie
0%
podlaskie łomżyński 4210 gmina Miastkowo
0%
lubelskie lubartowski 5828 gmina Michów
0%
wielkopolskie nowotomyski 3700 gmina Miedzichowo
0%
śląskie kłobucki 7555 gmina Miedźno
0%
wielkopolskie gnieźnieński 4044 gmina Mieleszyn
0%
podlaskie siemiatycki 2307 gmina Mielnik
0%
dolnośląskie wałbrzyski 6717 gmina Mieroszów
0%
wielkopolskie wągrowiecki 5940 gmina Mieścisko
0%
zachodniopomorskie gryfiński 7006 gmina Mieszkowice
0%
pomorskie sztumski 3615 gmina Mikołajki Pomorskie
0%
wielkopolskie ostrzeszowski 6027 gmina Mikstat
0%
warmińsko-mazurskie ostródzki 5387 gmina Miłakowo
0%
podlaskie siemiatycki 1701 gmina Milejczyce
0%
warmińsko-mazurskie elbląski 3412 gmina Milejewo
0%
lubelskie łęczyński 9061 gmina Milejów
0%
warmińsko-mazurskie giżycki 3709 gmina Miłki
0%
pomorskie malborski 3351 gmina Miłoradz
0%
wielkopolskie wrzesiński 10164 gmina Miłosław
0%
zachodniopomorskie wałecki 5391 gmina Mirosławiec
0%
mazowieckie szydłowiecki 3892 gmina Mirów
0%
świętokrzyskie starachowicki 8254 gmina Mirzec
0%
mazowieckie sochaczewski 5584 gmina Młodzieszyn
0%
warmińsko-mazurskie elbląski 4405 gmina Młynary
0%
łódzkie opoczyński 4752 gmina Mniszków
0%
małopolskie krakowski 14297 gmina Mogilany
0%
łódzkie wieluński 5392 gmina Mokrsko
0%
świętokrzyskie kielecki 16827 gmina Morawica
0%
mazowieckie siedlecki 5744 gmina Mordy
0%
zachodniopomorskie gryfiński 4258 gmina Moryń
0%
pomorskie tczewski 3631 gmina Morzeszczyn
0%
świętokrzyskie włoszczowski 2635 gmina Moskorzew
0%
małopolskie wadowicki 4128 gmina Mucharz
0%
wielkopolskie kaliski 4869 gmina Mycielin
0%
świętokrzyskie jędrzejowski 4906 gmina Nagłowice
0%
małopolskie nowosądecki 8773 gmina Nawojowa
0%
łódzkie łowicki 9338 gmina Nieborów
0%
podkarpackie strzyżowski 10535 gmina Niebylec
0%
wielkopolskie gnieźnieński 5986 gmina Niechanowo
0%
lubelskie lubelski 11913 gmina Niedrzwica Duża
0%
śląskie myszkowski 5612 gmina Niegowa
0%
podkarpackie kolbuszowski 6077 gmina Niwiska
0%
łódzkie pajęczański 4533 gmina Nowa Brzeźnica
0%
pomorskie kościerski 7080 gmina Nowa Karczma
0%
podkarpackie leżajski 21543 gmina Nowa Sarzyna
0%
świętokrzyskie kielecki 9439 gmina Nowa Słupia
0%
mazowieckie sochaczewski 6679 gmina Nowa Sucha
0%
pomorskie lęborski 13692 gmina Nowa Wieś Lęborska
0%
podlaskie wysokomazowiecki 3838 gmina Nowe Piekuty
0%
wielkopolskie ostrowski 15612 gmina Nowe Skalmierzyce
0%
podlaskie augustowski 2938 gmina Nowinka
0%
mazowieckie płocki 3980 gmina Nowy Duninów
0%
łódzkie skierniewicki 3374 gmina Nowy Kawęczyn
0%
świętokrzyskie buski 5869 gmina Nowy Korczyn
0%
podkarpackie jasielski 8997 gmina Nowy Żmigród
0%
podkarpackie brzozowski 7950 gmina Nozdrzec
0%
podlaskie siemiatycki 3745 gmina Nurzec-Stacja
0%
mazowieckie pułtuski 4785 gmina Obryte
0%
wielkopolskie szamotulski 4473 gmina Obrzycko
0%
świętokrzyskie jędrzejowski 4552 gmina Oksa
0%
podkarpackie lubaczowski 6320 gmina Oleszyce
0%
podkarpackie leski 4887 gmina Olszanica
0%
mazowieckie ostrołęcki 10785 gmina Olszewo-Borki
0%
wielkopolskie kolski 4491 gmina Olszówka
0%
wielkopolskie nowotomyski 16418 gmina Opalenica
0%
łódzkie kutnowski 2487 gmina Oporów
0%
wielkopolskie słupecki 3789 gmina Orchowo
0%
podkarpackie przemyski 8889 gmina Orły
0%
warmińsko-mazurskie lidzbarski 11870 gmina Orneta
0%
śląskie mikołowski 6184 gmina Ornontowice
0%
podkarpackie jasielski 5362 gmina Osiek Jasielski
0%
wielkopolskie kolski 6165 gmina Osiek Mały
0%
pomorskie nowodworski 3209 gmina Ostaszewo
0%
wielkopolskie szamotulski 4928 gmina Ostroróg
0%
wielkopolskie słupecki 5051 gmina Ostrowite
0%
mazowieckie gostyniński 3505 gmina Pacyna
0%
podkarpackie mielecki 5386 gmina Padew Narodowa
0%
kujawsko-pomorskie inowrocławski 9763 gmina Pakość
0%
małopolskie proszowicki 3563 gmina Pałecznica
0%
łódzkie opoczyński 4346 gmina Paradyż
0%
pomorskie bytowski 3798 gmina Parchowo
0%
warmińsko-mazurskie szczycieński 5303 gmina Pasym
0%
łódzkie wieluński 6528 gmina Pątnów
0%
podkarpackie jarosławski 8434 gmina Pawłosiów
0%
śląskie lubliniecki 6644 gmina Pawonków
0%
łódzkie poddębicki 3484 gmina Pęczniew
0%
podlaskie siemiatycki 2752 gmina Perlejewo
0%
wielkopolskie kępiński 3774 gmina Perzów
0%
warmińsko-mazurskie mrągowski 7554 gmina Piecki
0%
warmińsko-mazurskie braniewski 6149 gmina Pieniężno
0%
śląskie raciborski 6892 gmina Pietrowice Wielkie
0%
kujawsko-pomorskie radziejowski 9219 gmina Piotrków Kujawski
0%
małopolskie nowosądecki 10556 gmina Piwniczna-Zdrój
0%
małopolskie tarnowski 11954 gmina Pleśna
0%
mazowieckie makowski 5292 gmina Płoniawy-Bramura
0%
warmińsko-mazurskie braniewski 2475 gmina Płoskinia
0%
warmińsko-mazurskie działdowski 5555 gmina Płośnica
0%
mazowieckie grójecki 4803 gmina Pniewy
0%
wielkopolskie szamotulski 12680 gmina Pniewy
0%
małopolskie nowosądecki 13331 gmina Podegrodzie
0%
dolnośląskie karkonoski 8262 gmina Podgórzyn
0%
wielkopolskie czarnkowsko-trzcianecki 6163 gmina Połajewo
0%
małopolskie oświęcimski 4306 gmina Polanka Wielka
0%
zachodniopomorskie świdwiński 15059 gmina Połczyn-Zdrój
0%
mazowieckie zwoleński 5441 gmina Policzna
0%
śląskie myszkowski 10874 gmina Poraj
0%
mazowieckie przysuski 4193 gmina Potworów
0%
wielkopolskie słupecki 2315 gmina Powidz
0%
warmińsko-mazurskie węgorzewski 3220 gmina Pozezdrze
0%
mazowieckie piaseczyński 11285 gmina Prażmów
0%
warmińsko-mazurskie ełcki 7228 gmina Prostki
0%
dolnośląskie trzebnicki 9380 gmina Prusice
0%
pomorskie człuchowski 6313 gmina Przechlewo
0%
małopolskie oświęcimski 6729 gmina Przeciszów
0%
łódzkie radomszczański 7093 gmina Przedbórz
0%
wielkopolskie kolski 4084 gmina Przedecz
0%
wielkopolskie wolsztyński 14162 gmina Przemęt
0%
podlaskie suwalski 2905 gmina Przerośl
0%
pomorskie kartuski 9803 gmina Przodkowo
0%
wielkopolskie ostrowski 12192 gmina Przygodzice
0%
wielkopolskie turecki 4598 gmina Przykona
0%
mazowieckie zwoleński 6136 gmina Przyłęk
0%
śląskie kłobucki 5864 gmina Przystajń
0%
podlaskie łomżyński 2060 gmina Przytuły
0%
pomorskie gdański 5979 gmina Przywidz
0%
lubelskie łęczyński 5703 gmina Puchaczów
0%
mazowieckie żyrardowski 8680 gmina Puszcza Mariańska
0%
podkarpackie stalowowolski 11250 gmina Pysznica
0%
zachodniopomorskie świdwiński 3515 gmina Rąbino
0%
małopolskie nowotarski 17049 gmina Rabka-Zdrój
0%
lubelskie tomaszowski 5025 gmina Rachanie
0%
małopolskie myślenicki 6441 gmina Raciechowice
0%
lubelskie zamojski 5601 gmina Radecznica
0%
podkarpackie stalowowolski 7315 gmina Radomyśl nad Sanem
0%
podkarpackie mielecki 14309 gmina Radomyśl Wielki
0%
świętokrzyskie konecki 8836 gmina Radoszyce
0%
śląskie żywiecki 13085 gmina Radziechowy-Wieprz
0%
małopolskie proszowicki 3327 gmina Radziemice
0%
podlaskie grajewski 4694 gmina Radziłów
0%
podlaskie grajewski 5136 gmina Rajgród
0%
wielkopolskie grodziski 13215 gmina Rakoniewice
0%
podkarpackie kolbuszowski 7045 gmina Raniżów
0%
pomorskie słupski 18354 gmina Redzikowo
0%
łódzkie rawski 1825 gmina Regnów
0%
warmińsko-mazurskie kętrzyński 7457 gmina Reszel
0%
małopolskie gorlicki 5521 gmina Ropa
0%
łódzkie piotrkowski 12322 gmina Rozprza
0%
podkarpackie jarosławski 6245 gmina Roźwienica
0%
warmińsko-mazurskie piski 7944 gmina Ruciane-Nida
0%
lubelskie chełmski 4483 gmina Ruda-Huta
0%
dolnośląskie lubiński 7794 gmina Rudna
0%
opolskie oleski 8126 gmina Rudniki
0%
śląskie gliwicki 10643 gmina Rudziniec
0%
mazowieckie przysuski 4270 gmina Rusinów
0%
podlaskie suwalski 2324 gmina Rutka-Tartak
0%
warmińsko-mazurskie elbląski 3738 gmina Rychliki
0%
wielkopolskie kępiński 3803 gmina Rychtal
0%
wielkopolskie koniński 8222 gmina Rychwał
0%
wielkopolskie obornicki 7287 gmina Ryczywół
0%
wielkopolskie leszczyński 9744 gmina Rydzyna
0%
małopolskie tarnowski 11631 gmina Ryglice
0%
małopolskie nowosądecki 3763 gmina Rytro
0%
świętokrzyskie staszowski 6378 gmina Rytwiany
0%
łódzkie pajęczański 4935 gmina Rząśnia
0%
mazowieckie wyszkowski 7004 gmina Rząśnik
0%
pomorskie człuchowski 3616 gmina Rzeczenica
0%
małopolskie tarnowski 6748 gmina Rzepiennik Strzyżewski
0%
mazowieckie makowski 2605 gmina Rzewnie
0%
małopolskie bocheński 11387 gmina Rzezawa
0%
mazowieckie sokołowski 3618 gmina Sabnie
0%
kujawsko-pomorskie nakielski 7242 gmina Sadki
0%
łódzkie rawski 5400 gmina Sadkowice
0%
pomorskie kwidzyński 6003 gmina Sadlinki
0%
świętokrzyskie opatowski 3895 gmina Sadowie
0%
świętokrzyskie sandomierski 8393 gmina Samborzec
0%
mazowieckie gostyniński 5991 gmina Sanniki
0%
lubelskie chełmski 5441 gmina Sawin
0%
łódzkie łaski 6360 gmina Sędziejowice
0%
małopolskie gorlicki 4967 gmina Sękowa
0%
wielkopolskie wolsztyński 12775 gmina Siedlec
0%
dolnośląskie lubański 4491 gmina Siekierczyn
0%
łódzkie pajęczański 4758 gmina Siemkowice
0%
wielkopolskie ostrowski 9665 gmina Sieroszewice
0%
śląskie będziński 12414 gmina Siewierz
0%
pomorskie starogardzki 14953 gmina Skarszewy
0%
mazowieckie radomski 14797 gmina Skaryszew
0%
świętokrzyskie skarżyski 5953 gmina Skarżysko Kościelne
0%
lubelskie zamojski 5115 gmina Skierbieszów
0%
podkarpackie jasielski 12505 gmina Skołyszyn
0%
łódzkie wieluński 3324 gmina Skomlin
0%
pomorskie starogardzki 4594 gmina Skórcz
0%
małopolskie tarnowski 14297 gmina Skrzyszów
0%
wielkopolskie koniński 6114 gmina Skulsk
0%
zachodniopomorskie świdwiński 3984 gmina Sławoborze
0%
śląskie żywiecki 3528 gmina Ślemień
0%
małopolskie limanowski 6803 gmina Słopnice
0%
świętokrzyskie konecki 3299 gmina Słupia Konecka
0%
pomorskie starogardzki 5168 gmina Smętowo Graniczne
0%
podlaskie łomżyński 5287 gmina Śniadowo
0%
mazowieckie otwocki 6396 gmina Sobienie-Jeziory
0%
podlaskie wysokomazowiecki 5719 gmina Sokoły
0%
świętokrzyskie buski 5022 gmina Solec-Zdrój
0%
mazowieckie wyszkowski 5603 gmina Somianka
0%
pomorskie kartuski 10867 gmina Somonino
0%
warmińsko-mazurskie mrągowski 4514 gmina Sorkwity
0%
śląskie gliwicki 8921 gmina Sośnicowice
0%
wielkopolskie ostrowski 6579 gmina Sośnie
0%
lubelskie parczewski 2564 gmina Sosnowica
0%
lubelskie bialski 2397 gmina Sosnówka
0%
mazowieckie płocki 11983 gmina Stara Biała
0%
zachodniopomorskie stargardzki 3716 gmina Stara Dąbrowa
0%
pomorskie kościerski 6832 gmina Stara Kiszewa
0%
zachodniopomorskie gryfiński 3807 gmina Stare Czarnowo
0%
warmińsko-mazurskie ełcki 3717 gmina Stare Juchy
0%
pomorskie sztumski 3888 gmina Stary Dzierzgoń
0%
podkarpackie lubaczowski 4126 gmina Stary Dzików
0%
podlaskie kolneński 6084 gmina Stawiski
0%
wielkopolskie kaliski 7128 gmina Stawiszyn
0%
mazowieckie sokołowski 3868 gmina Sterdyń
0%
dolnośląskie ząbkowicki 5365 gmina Stoszowice
0%
mazowieckie wołomiński 2726 gmina Strachówka
0%
mazowieckie białobrzeski 5613 gmina Stromiec
0%
śląskie cieszyński 13272 gmina Strumień
0%
małopolskie suski 11953 gmina Stryszawa
0%
małopolskie wadowicki 6842 gmina Stryszów
0%
wielkopolskie słupecki 10285 gmina Strzałkowo
0%
łódzkie pajęczański 4561 gmina Strzelce Wielkie
0%
podkarpackie przemyski 3861 gmina Stubno
0%
pomorskie bytowski 3785 gmina Studzienice
0%
pomorskie tczewski 5499 gmina Subkowy
0%
pomorskie kartuski 5581 gmina Sulęczyno
0%
łódzkie pajęczański 4437 gmina Sulmierzyce
0%
małopolskie krakowski 5812 gmina Sułoszowa
0%
podlaskie białostocki 5600 gmina Supraśl
0%
podlaskie białostocki 1961 gmina Suraż
0%
wielkopolskie leszczyński 8166 gmina Święciechowa
0%
kujawsko-pomorskie brodnicki 5139 gmina Świedziebnia
0%
mazowieckie pułtuski 4631 gmina Świercze
0%
dolnośląskie złotoryjski 7487 gmina Świerzawa
0%
zachodniopomorskie koszaliński 7486 gmina Świeszyno
0%
warmińsko-mazurskie olecki 3880 gmina Świętajno
0%
warmińsko-mazurskie szczycieński 5737 gmina Świętajno
0%
mazowieckie makowski 3229 gmina Sypniewo
0%
łódzkie zduńskowolski 7306 gmina Szadek
0%
wielkopolskie chodzieski 7470 gmina Szamocin
0%
małopolskie limanowski 1830 gmina Szczawa
0%
mazowieckie gostyniński 4834 gmina Szczawin Kościelny
0%
śląskie zawierciański 7621 gmina Szczekociny
0%
podlaskie grajewski 6014 gmina Szczuczyn
0%
mazowieckie sierpecki 4302 gmina Szczutowo
0%
wielkopolskie kaliski 7798 gmina Szczytniki
0%
mazowieckie makowski 3632 gmina Szelków
0%
małopolskie tarnowski 7935 gmina Szerzyny
0%
lubuskie żagański 20555 gmina Szprotawa
0%
mazowieckie mławski 4096 gmina Szreńsk
0%
podlaskie sokólski 2822 gmina Szudziałowo
0%
podlaskie suwalski 3896 gmina Szypliszki
0%
świętokrzyskie opatowski 5110 gmina Tarłów
0%
podkarpackie jasielski 9147 gmina Tarnowiec
0%
wielkopolskie złotowski 3000 gmina Tarnówka
0%
mazowieckie zwoleński 4901 gmina Tczów
0%
mazowieckie sochaczewski 11586 gmina Teresin
0%
kujawsko-pomorskie lipnowski 4646 gmina Tłuchowo
0%
kujawsko-pomorskie radziejowski 4782 gmina Topólka
0%
pomorskie gdański 11193 gmina Trąbki Wielkie
0%
lubelskie świdnicki 8874 gmina Trawniki
0%
podkarpackie przeworski 8507 gmina Tryńcza
0%
podlaskie moniecki 4231 gmina Trzcianne
0%
zachodniopomorskie gryfiński 5234 gmina Trzcińsko-Zdrój
0%
pomorskie bytowski 3704 gmina Trzebielino
0%
małopolskie olkuski 7049 gmina Trzyciąż
0%
pomorskie bytowski 4291 gmina Tuchomie
0%
świętokrzyskie buski 3721 gmina Tuczępy
0%
zachodniopomorskie wałecki 4891 gmina Tuczno
0%
wielkopolskie turecki 10542 gmina Tuliszków
0%
opolskie opolski 5206 gmina Tułowice
0%
podlaskie kolneński 5107 gmina Turośl
0%
podlaskie białostocki 6467 gmina Turośń Kościelna
0%
podkarpackie mielecki 8244 gmina Tuszów Narodowy
0%
podlaskie białostocki 6190 gmina Tykocin
0%
podkarpackie sanocki 1977 gmina Tyrawa Wołoska
0%
lubelskie hrubieszowski 4502 gmina Uchanie
0%
śląskie żywiecki 4420 gmina Ujsoły
0%
lubelskie radzyński 5979 gmina Ulan-Majorat
0%
dolnośląskie jaworski 3914 gmina Wądroże Wielkie
0%
wielkopolskie wągrowiecki 2946 gmina Wapno
0%
zachodniopomorskie pyrzycki 3455 gmina Warnice
0%
łódzkie poddębicki 6244 gmina Wartkowice
0%
podlaskie białostocki 17768 gmina Wasilków
0%
świętokrzyskie ostrowiecki 6764 gmina Waśniów
0%
zachodniopomorskie łobeski 6862 gmina Węgorzyno
0%
lubelskie hrubieszowski 9224 gmina Werbkowice
0%
zachodniopomorskie gryfiński 5400 gmina Widuchowa
0%
wielkopolskie czarnkowsko-trzcianecki 12257 gmina Wieleń
0%
kujawsko-pomorskie lipnowski 6671 gmina Wielgie
0%
łódzkie radomszczański 4538 gmina Wielgomłyny
0%
wielkopolskie grodziski 6924 gmina Wielichowo
0%
warmińsko-mazurskie olecki 3257 gmina Wieliczki
0%
śląskie gliwicki 5850 gmina Wielowieś
0%
małopolskie wadowicki 12471 gmina Wieprz
0%
wielkopolskie koniński 7253 gmina Wierzbinek
0%
łódzkie wieluński 6610 gmina Wierzchlas
0%
zachodniopomorskie drawski 4225 gmina Wierzchowo
0%
wielkopolskie leszczyński 3833 gmina Wijewo
0%
warmińsko-mazurskie braniewski 2957 gmina Wilczęta
0%
wielkopolskie koniński 6189 gmina Wilczyn
0%
śląskie bielski 13442 gmina Wilkowice
0%
mazowieckie pułtuski 4113 gmina Winnica
0%
mazowieckie żyrardowski 9835 gmina Wiskitki
0%
świętokrzyskie buski 5437 gmina Wiślica
0%
mazowieckie siedlecki 5764 gmina Wiśniew
0%
mazowieckie mławski 5207 gmina Wiśniewo
0%
małopolskie myślenicki 7413 gmina Wiśniowa
0%
podkarpackie strzyżowski 7976 gmina Wiśniowa
0%
lubelskie bialski 4887 gmina Wisznice
0%
podlaskie suwalski 2322 gmina Wiżajny
0%
podlaskie łomżyński 3959 gmina Wizna
0%
wielkopolskie leszczyński 9696 gmina Włoszakowice
0%
łódzkie łaski 3493 gmina Wodzierady
0%
lubelskie lubelski 5981 gmina Wojciechów
0%
świętokrzyskie opatowski 4003 gmina Wojciechowice
0%
łódzkie piotrkowski 11972 gmina Wola Krzysztoporska
0%
lubelskie łukowski 4607 gmina Wola Mysłowska
0%
mazowieckie radomski 8909 gmina Wolanów
0%
opolskie kluczborski 13407 gmina Wołczyn
0%
śląskie kłobucki 17809 gmina Wręczyca Wielka
0%
łódzkie sieradzki 6057 gmina Wróblew
0%
wielkopolskie szamotulski 19078 gmina Wronki
0%
warmińsko-mazurskie giżycki 6202 gmina Wydminy
0%
wielkopolskie pilski 13925 gmina Wyrzysk
0%
mazowieckie wyszkowski 5982 gmina Zabrodzie
0%
łódzkie poddębicki 4958 gmina Zadzim
0%
świętokrzyskie kielecki 12952 gmina Zagnańsk
0%
wielkopolskie słupecki 8933 gmina Zagórów
0%
podkarpackie sanocki 13120 gmina Zagórz
0%
podkarpackie stalowowolski 8509 gmina Zaklików
0%
podkarpackie stalowowolski 10984 gmina Zaleszany
0%
warmińsko-mazurskie iławski 6750 gmina Zalewo
0%
wielkopolskie średzki 6950 gmina Zaniemyśl
0%
łódzkie zduńskowolski 5206 gmina Zapolice
0%
śląskie myszkowski 8445 gmina Żarki
0%
śląskie zawierciański 4579 gmina Żarnowiec
0%
podkarpackie sanocki 9284 gmina Zarszyn
0%
mazowieckie pułtuski 4848 gmina Zatory
0%
świętokrzyskie sandomierski 4373 gmina Zawichost
0%
kujawsko-pomorskie brodnicki 4842 gmina Zbiczno
0%
pomorskie starogardzki 11906 gmina Zblewo
0%
śląskie tarnogórski 16339 gmina Zbrosławice
0%
opolskie oleski 3612 gmina Zębowice
0%
małopolskie bocheński 5584 gmina Żegocina
0%
wielkopolskie kaliski 9537 gmina Żelazków
0%
łódzkie tomaszowski 3299 gmina Żelechlinek
0%
mazowieckie garwoliński 8265 gmina Żelechów
0%
małopolskie suski 5620 gmina Zembrzyce
0%
zachodniopomorskie drawski 16327 gmina Złocieniec
0%
łódzkie sieradzki 7129 gmina Złoczew
0%
świętokrzyskie pińczowski 4451 gmina Złota
0%
lubelskie krasnostawski 5280 gmina Żółkiewka
0%
dolnośląskie wrocławski 11284 gmina Żórawina
0%
dolnośląskie głogowski 3464 gmina Żukowice
0%
podkarpackie przemyski 12951 gmina Żurawica
0%
lubelskie puławski 6416 gmina Żyrzyn
0%
kujawsko-pomorskie golubsko-dobrzyński 12508 Golub-Dobrzyń
0%
warmińsko-mazurskie bartoszycki 3921 Górowo Iławeckie
0%
małopolskie nowosądecki 6000 Grybów
0%
śląskie Jastrzębie-Zdrój 88425 Jastrzębie-Zdrój
0%
dolnośląskie wałbrzyski 4816 Jedlina-Zdrój
0%
opolskie kędzierzyńsko-kozielski 60383 Kędzierzyn-Koźle
0%
dolnośląskie kłodzki 9852 Kudowa-Zdrój
0%
wielkopolskie szamotulski 2369 Obrzycko
0%
dolnośląskie kłodzki 6275 Polanica-Zdrój
0%
świętokrzyskie skarżyski 44578 Skarżysko-Kamienna
0%
pomorskie starogardzki 3624 Skórcz
0%
wielkopolskie krotoszyński 2844 Sulmierzyce
0%
dolnośląskie lubański 4054 Świeradów-Zdrój
0%
dolnośląskie wałbrzyski 5559 Szczawno-Zdrój
0%
Nie znaleziono quizów pasujących do podanych kryteriów
Rozkład punktacji
Procent ludzi z każdym wynikiem
Percentyl według liczby udzielonych odpowiedzi
Twoja historia wyników
Nie rozwiązałeś tego quizu od ostatniego zresetowania